All Cities on a Map by Letter - P - Statistics

General Stats
  • This quiz has been taken 11 times
  • The average score is 65 of 2929
Answers on the Map
Answers color-coded by a green-red scale on the quiz's map according to % correct below.
 
Answer Stats
Country City population City % Correct
India 37852 Pen
100%
Burkina Faso 28079
100%
Burkina Faso 15170
90%
Australia 2141834 Perth
80%
United Kingdom 47430 Perth
80%
Belgium 12083 Paal
60%
Côte d’Ivoire 17594 Para
60%
India 9697 Pāra
60%
France 11060000 Paris
60%
United States 24678 Paris
60%
Canada 14956 Paris
60%
United States 10313 Paris
60%
United States 10107 Paris
60%
United States 5696588 Philadelphia
60%
Bosnia and Herzegovina 22282 Pale
50%
Equatorial Guinea 5008 Palé
50%
Colombia 800000 Palermo
50%
Italy 630167 Palermo
50%
Panama 880691 Panama City
50%
United States 177125 Panama City
50%
India 59091 Panna
50%
United Kingdom 194000 Peterborough
50%
Canada 84793 Peterborough
50%
Australia 1428 Peterborough
50%
United States 4065338 Phoenix
50%
United States 75868 Pittsburg
50%
United States 20606 Pittsburg
50%
United States 1712828 Pittsburgh
50%
United States 2084045 Portland
50%
United States 213660 Portland
50%
United States 20369 Portland
50%
United States 13325 Portland
50%
Australia 9712 Portland
50%
Portugal 231800 Porto
50%
Brazil 12052 Porto
50%
United Kingdom 855679 Portsmouth
50%
United States 97299 Portsmouth
50%
United States 94815 Portsmouth
50%
United States 17919 Portsmouth
50%
United States 17740 Portsmouth
50%
Czechia 1384732 Prague
50%
United Kingdom 141801 Preston
50%
India 8231000 Pune
50%
Korea, North 2863000 Pyongyang
50%
Philippines 76213 Palo
40%
Suriname 240924 Paramaribo
40%
Italy 196764 Parma
40%
United States 80131 Parma
40%
Russia 45000 Parma
40%
United States 16140 Parma
40%
France 78620 Pau
40%
United States 23070 Peters
40%
Germany 16375 Petersberg
40%
Germany 9267 Petersberg
40%
United States 33365 Petersburg
40%
Italy 88737 Pisa
40%
Haiti 987310 Port-au-Prince
40%
Spain 550000 Palma
30%
Mozambique 25627 Palma
30%
United States 44998 Palm Springs
30%
United States 26871 Palm Springs
30%
United States 10624 Pella
30%
United States 401535 Pensacola
30%
Russia 488299 Penza
30%
Russia 1026908 Perm
30%
Colombia 9322 Pesca
30%
Cambodia 2129371 Phnom Penh
30%
United States 14983 Pine
30%
United Kingdom 267918 Plymouth
30%
United States 79526 Plymouth
30%
United States 62656 Plymouth
30%
United States 18316 Plymouth
30%
United States 10506 Plymouth
30%
United States 9234 Plymouth
30%
United States 8913 Plymouth
30%
Montserrat 0 Plymouth
30%
Trinidad and Tobago 84126 Port of Spain
30%
Cabo Verde 18028 Porto Novo
30%
Benin 133168 Porto-Novo
30%
South Africa 2818100 Pretoria
30%
United States 41476 Princeton
30%
United States 30451 Princeton
30%
United States 20966 Princeton
30%
Kosovo 198897 Pristina
30%
Philippines 79839 Paco
20%
Italy 206496 Padova
20%
Chad 35000 Pala
20%
India 229956 Pāli
20%
India 124175 Pāli
20%
India 13984 Pāli
20%
Guatemala 72203 Palín
20%
United States 9234 Palm Beach
20%
United States 67231 Palo Alto
20%
Nepal 29095 Pālpā
20%
Spain 207777 Pamplona
20%
Colombia 50025 Pamplona
20%
Philippines 39805 Pamplona
20%
Philippines 39333 Pamplona
20%
Philippines 24781 Pamplona
20%
French Polynesia 131695 Papeete
20%
United States 186178 Paradise
20%
Canada 22957 Paradise
20%
United States 149345 Pasadena
20%
United States 136462 Pasadena
20%
United States 32717 Pasadena
20%
United States 31812 Pekin
20%
United States 18335 Pembroke
20%
Canada 16571 Pembroke
20%
Malta 3645 Pembroke
20%
United Kingdom 20734 Penzance
20%
United States 22243 Perry
20%
United States 10835 Peru
20%
United States 9863 Peru
20%
Italy 118657 Pescara
20%
Germany 128992 Pforzheim
20%
Thailand 79308 Phuket
20%
France 11174 Pia
20%
Chile 9296 Pica
20%
United States 14008 Pierre
20%
Malta 4020 Pietà
20%
Germany 44756 Pinneberg
20%
Benin 12377 Pira
20%
Germany 40941 Pirmasens
20%
Bulgaria 346893 Plovdiv
20%
Montenegro 172139 Podgorica
20%
Ukraine 279593 Poltava
20%
Uzbekistan 30000 Pop
20%
Finland 84026 Pori
20%
Brazil 38043 Portel
20%
Jamaica 156469 Portmore
20%
Papua New Guinea 317374 Port Moresby
20%
Brazil 1332845 Porto Alegre
20%
Germany 187119 Potsdam
20%
United States 14917 Potsdam
20%
Poland 546859 Poznań
20%
Cabo Verde 61644 Praia
20%
Guyana 12000 Princetown
20%
United States 1270529 Providence
20%
United States 8675 Providence
20%
Mexico 1576259 Puebla
20%
United States 120020 Pueblo
20%
South Africa 294457 Paarl
10%
Portugal 56340 Paços de Ferreira
10%
Uganda 14000 Pader
10%
Germany 155749 Paderborn
10%
Finland 11236 Paimio
10%
Spain 76738 Palencia
10%
Guatemala 74839 Palencia
10%
United States 18888 Palestine
10%
Micronesia, Federated States of 6227 Palikir
10%
Uganda 42300 Pallisa
10%
Brazil 302692 Palmas
10%
Brazil 51755 Palmas
10%
United States 51551 Palm Desert
10%
United States 22325 Palmer
10%
United States 12372 Palmer
10%
Australia 33695 Palmerston
10%
Ireland 11130 Palmerston
10%
New Zealand 76236 Palmerston North
10%
Italy 17920 Palmi
10%
Indonesia 359350 Palu
10%
Turkey 9602 Palu
10%
United States 16735 Pampa
10%
United States 18493 Panama City Beach
10%
Mozambique 602 Panda
10%
Indonesia 36665 Pande
10%
Uruguay 25947 Pando
10%
Tajikistan 12500 Panj
10%
France 60954 Pantin
10%
Hungary 28549 Pápa
10%
Cyprus 70635 Paphos
10%
Argentina 268889 Paraná
10%
Brazil 10542 Paranã
10%
Germany 18270 Parchim
10%
India 28495 Pārdi
10%
Finland 12266 Pargas
10%
United States 60115 Parker
10%
United States 12564 Parker
10%
United States 39174 Parkland
10%
United States 35799 Parkland
10%
Spain 134833 Parla
10%
Estonia 40228 Pärnu
10%
Mexico 104836 Parral
10%
Chile 39404 Parral
10%
India 27644 Parsa
10%
India 11804 Parsa
10%
Thailand 8645 Pa Sang
10%
Germany 9785 Pasewalk
10%
Germany 54401 Passau
10%
Tajikistan 17870 Patar
10%
Indonesia 122785 Pati
10%
Greece 173600 Pátra
10%
Germany 14678 Pattensen
10%
India 40976 Patti
10%
Italy 12699 Patti
10%
United States 15720 Patton
10%
Italy 11080 Paullo
10%
Hungary 140330 Pécs
10%
Finland 11225 Pedersöre
10%
Brazil 22795 Pedra
10%
Belgium 16421 Peer
10%
Germany 13741 Pegnitz
10%
Germany 51521 Peine
10%
Lesotho 17161 Peka
10%
United States 26897 Pemberton
10%
United Kingdom 13982 Pemberton
10%
United States 170557 Pembroke Pines
10%
United States 17758 Penn
10%
United States 10281 Penn
10%
Italy 11165 Penne
10%
United States 262461 Peoria
10%
United States 194338 Peoria
10%
Austria 9459 Perg
10%
Germany 8905 Perl
10%
Italy 161748 Perugia
10%
United Kingdom 19270 Peterhead
10%
United Kingdom 14820 Petersfield
10%
Brazil 278881 Petrópolis
10%
Germany 27143 Pfaffenhofen
10%
United States 38477 Phenix City
10%
Brazil 83090 Picos
10%
Cabo Verde 1143 Picos
10%
Finland 17050 Pieksämäki
10%
Finland 16150 Pielisjärvi
10%
Brazil 13655 Piên
10%
South Africa 839327 Pietermaritzburg
10%
Philippines 54613 Pila
10%
Poland 71735 Piła
10%
Haiti 40445 Pilate
10%
Philippines 99196 Pili
10%
Philippines 99000 Pili
10%
United States 53423 Pinellas Park
10%
Belarus 124295 Pinsk
10%
Spain 56003 Pinto
10%
Chile 10673 Pinto
10%
Greece 448051 Piraeus
10%
Brazil 65538 Piripiri
10%
Finland 20763 Pirkkala
10%
Germany 39303 Pirna
10%
Italy 29011 Pirri
10%
Guinea 20052 Pita
10%
Sweden 23350 Piteå
10%
United States 43559 Pittsfield
10%
Brazil 22300 Piúma
10%
United States 9852 Plains
10%
United States 287339 Plano
10%
United States 11626 Plano
10%
Germany 65218 Plauen
10%
Ecuador 48156 Playas
10%
Bulgaria 119596 Pleven
10%
United States 26873 Plum
10%
Czechia 185599 Plzeň
10%
Brazil 113793 Poá
10%
Korea, South 503780 Pohang
10%
Philippines 35455 Pola
10%
United States 148391 Pomona
10%
United States 112212 Pompano Beach
10%
Italy 23910 Pompei
10%
United Kingdom 30881 Pontefract
10%
United States 61914 Pontiac
10%
United States 11483 Pontiac
10%
France 31623 Pontoise
10%
United Kingdom 144800 Poole
10%
United States 69616 Porterville
10%
Nigeria 1865000 Port Harcourt
10%
Portugal 59845 Portimão
10%
Mauritius 149194 Port Louis
10%
Brazil 334661 Porto Velho
10%
Egypt 524433 Port Said
10%
United States 473733 Port St. Lucie
10%
Vanuatu 49034 Port-Vila
10%
Finland 51464 Porvoo
10%
Brazil 34914 Posse
10%
United States 23392 Pottstown
10%
Germany 11262 Prien am Chiemsee
10%
Kosovo 220128 Prizren
10%
United States 639820 Provo
10%
Thailand 10831 Pua
10%
Argentina 16381 Puan
10%
India 244377 Puducherry
10%
Colombia 33765 Puerto Rico
10%
Argentina 17491 Puerto Rico
10%
Colombia 11433 Puerto Rico
10%
Croatia 52220 Pula
10%
Germany 56284 Pulheim
10%
India 13043 Pūlla
10%
India 26854 Pūnch
10%
Philippines 25781 Pura
10%
India 201026 Puri
10%
Angola 37910 Puri
10%
Netherlands 81515 Purmerend
10%
India 14919 Pursa
10%
Greenland 1308 Paamiut
0%
Pakistan 52701 Pabbi
0%
Benin 10156 Pabégou
0%
Mexico 47646 Pabellón de Arteaga
0%
Poland 62954 Pabianice
0%
Bangladesh 190317 Pābna
0%
Brazil 13961 Pacaembu
0%
Brazil 73188 Pacajus
0%
Peru 26125 Pacasmayo
0%
Brazil 20952 Pacatu
0%
Brazil 51696 Pacatuba
0%
Brazil 13137 Pacatuba
0%
United States 25630 Pace
0%
France 11815 Pacé
0%
Italy 10779 Paceco
0%
India 11362 Pachāhi
0%
Guatemala 9897 Pachalum
0%
India 10556 Pachauth
0%
India 12129 Pachchaimalaiyankottai
0%
India 9939 Pachchāmpālaiyam
0%
India 9585 Pāchhāpur
0%
Italy 21714 Pachino
0%
Nepal 42011 Pā̃chkhāl
0%
India 17862 Pachmīr
0%
Colombia 27977 Pacho
0%
India 27639 Pachor
0%
India 59609 Pāchora
0%
India 39474 Pachrūkha
0%
India 8508 Pachrukhi
0%
Mexico 297848 Pachuca
0%
United States 37527 Pacifica
0%
United States 15003 Pacific Grove
0%
Brazil 145643 Paço do Lumiar
0%
Panama 52494 Pacora
0%
Colombia 13214 Pácora
0%
Brazil 11186 Pacoti
0%
Costa Rica 8756 Pacuarito
0%
Philippines 29878 Padada
0%
India 13287 Padaivedu
0%
India 8874 Padakanti
0%
Indonesia 184182 Padalarang
0%
Indonesia 12000 Padang
0%
Malaysia 10000 Padang Besar
0%
Indonesia 52422 Padangpanjang
0%
Indonesia 225544 Padangsidempuan
0%
India 30000 Padappakara
0%
India 14241 Padavēdu
0%
India 10547 Paddhari
0%
Italy 47118 Paderno Dugnano
0%
United Kingdom 10474 Padiham
0%
Colombia 9937 Padilla
0%
Bolivia 3697 Padilla
0%
India 9959 Padinjārebāgam
0%
India 11749 Padinjāremuri
0%
Serbia 9263 Padinska Skela
0%
India 27638 Pādiyanallūr
0%
India 10738 Pādiyūr
0%
India 21342 Padmanābhapuram
0%
India 46660 Padra
0%
India 49723 Padrauna
0%
Brazil 34967 Padre Bernardo
0%
Philippines 23488 Padre Burgos
0%
Philippines 11159 Padre Burgos
0%
Philippines 51853 Padre Garcia
0%
Chile 76219 Padre Hurtado
0%
Chile 76126 Padre Las Casas
0%
Dominican Republic 40545 Padre Las Casas
0%
Brazil 17334 Padre Paraíso
0%
United States 26894 Paducah
0%
India 10084 Padugaipattu
0%
India 17175 Padugupādu
0%
Spain 9536 Padul
0%
India 10787 Paduma
0%
India 24968 Paduvari
0%
Italy 22004 Paese
0%
Philippines 24945 Paete
0%
Philippines 210452 Pagadian
0%
Philippines 46277 Pagalungan
0%
Italy 34044 Pagani
0%
Philippines 78700 Pagbilao
0%
Lithuania 57 Pagėgiai
0%
Indonesia 136244 Pageralam
0%
Afghanistan 143000 Paghmān
0%
India 9579 Pagidyāla
0%
Philippines 18727 Paglat
0%
American Samoa 12576 Pago Pago
0%
China 9530 Pagqên
0%
Philippines 44327 Pagsanjan
0%
Philippines 25098 Pagudpud
0%
India 18109 Pahārpur
0%
India 9521 Pahārpur
0%
Benin 14436 Pahou
0%
United States 45811 Pahrump
0%
India 19396 Pahsara
0%
Mexico 20619 Pahuatlán de Valle
0%
Greece 28036 Paianía
0%
India 9695 Pai Bigha
0%
Brazil 41773 Paiçandu
0%
Estonia 7793 Paide
0%
Uganda 33426 Paidha
0%
India 14407 Paidiipalli
0%
India 21069 Paiganapalli
0%
United Kingdom 64410 Paignton
0%
India 12250 Pāiker
0%
India 12299 Paikpar
0%
India 9993 Pāikpāra
0%
Cambodia 37000 Pailin
0%
Colombia 22083 Pailitas
0%
Chile 19088 Paillaco
0%
Bolivia 9850 Pailón
0%
India 13060 Paina
0%
India 10499 Paina
0%
India 9979 Paināl
0%
Indonesia 14425 Painan
0%
Iran 8840 Pā’īn Chāf
0%
Chile 72759 Paine
0%
United States 20453 Painesville
0%
Burma 88604 Paingkyon
0%
India 8688 Painkulam
0%
Colombia 31868 Paipa
0%
Spain 27748 Paiporta
0%
United Kingdom 77220 Paisley
0%
Colombia 11958 Paispamba
0%
Peru 3500 Paita
0%
New Caledonia 24563 Païta
0%
India 34556 Paithan
0%
India 12497 Paithān Kawai
0%
India 10517 Paittūr
0%
India 27755 Paivalike
0%
Mexico 10014 Pajacuarán
0%
Mexico 17480 Pajapan
0%
Guatemala 23171 Pajapita
0%
Spain 21614 Pájara
0%
Puerto Rico 9904 Pájaros
0%
Indonesia 12545 Pajo
0%
Korea, South 415345 Paju
0%
India 14467 Pākala
0%
India 21565 Pākāla
0%
India 14516 Pakaryā Harsidhi
0%
India 45840 Pākaur
0%
Thailand 35736 Pak Chong
0%
Iran 236319 Pākdasht
0%
Australia 46421 Pakenham
0%
Russia 10 Pakhachi
0%
Tajikistan 9690 Pakhtaobod
0%
Philippines 23495 Pakil
0%
India 10013 Pakka Kalān
0%
India 11509 Pākkam
0%
Thailand 190272 Pak Kret
0%
Burma 126000 Pakokku
0%
Pakistan 139525 Pakpattan
0%
Thailand 20425 Pak Phanang
0%
India 11889 Pakra
0%
India 9768 Pakri
0%
India 68780 Pakribarawān
0%
Lithuania 4490 Pakruojis
0%
Hungary 17917 Paks
0%
Thailand 14272 Pak Thong Chai
0%
Hong Kong 21902 Pak Tin Pa
0%
Uganda 28700 Pakwach
0%
Laos 45000 Pakxan
0%
Laos 77900 Pakxé
0%
Nicaragua 12825 Palacagüina
0%
Spain 21049 Palafrugell
0%
Italy 15785 Palagiano
0%
Italy 15784 Palagonia
0%
Greece 64863 Palaió Fáliro
0%
France 36067 Palaiseau
0%
India 30848 Palaiya Āyakkudi
0%
India 17556 Pālaiyam
0%
India 18502 Pālaiyampatti
0%
India 13469 Pālakkuzhi
0%
India 24640 Pālakodu
0%
India 10848 Pālakollu
0%
India 10801 Pālamedu
0%
India 31916 Palamel
0%
Spain 9475 Palamós
0%
India 40385 Pālampur
0%
Russia 3671 Palana
0%
Philippines 17684 Palanan
0%
Philippines 27322 Palanas
0%
Lithuania 18132 Palanga
0%
India 12963 Palangarai
0%
India 8880 Palangavāngudi
0%
Indonesia 249434 Palangkaraya
0%
India 87535 Palangotu Adwār
0%
India 15510 Palanisettipatti
0%
India 9558 Palankottai
0%
India 182592 Pālanpur
0%
India 10000 Palānswa
0%
Chad 40202 Pala Oua
0%
Philippines 34034 Palapag
0%
Botswana 36211 Palapye
0%
India 57507 Palāsa
0%
India 19984 Palāshi
0%
United States 66548 Palatine
0%
Russia 21452 Palatka
0%
United States 10558 Palatka
0%
Mexico 17594 Palau
0%
Philippines 39784 Palauig
0%
India 20870 Palavūr
0%
Burma 22267 Palaw
0%
India 14566 Palayad
0%
Philippines 45383 Palayan City
0%
India 16462 Palayat
0%
India 14329 Pālda
0%
Tajikistan 20837 Paldorak
0%
Indonesia 1535952 Palembang
0%
Indonesia 123580 Paleng
0%
Uganda 8000 Palenga
0%
Mexico 51797 Palenque
0%
India 9865 Pālepalli
0%
India 19314 Palera
0%
Colombia 13560 Palestina
0%
Brazil 11476 Palestina
0%
Colombia 10454 Palestina
0%
Ecuador 10392 Palestina
0%
Guatemala 20719 Palestina de los Altos
0%
Italy 22063 Palestrina
0%
Burma 96899 Paletwa
0%
India 68931 Pālghar
0%
India 130955 Pālghāt
0%
India 15540 Palhālan
0%
Brazil 9346 Palhano
0%
Brazil 102742 Palhoça
0%
India 41126 Paliā Kalān
0%
India 14611 Paliaturutu
0%
Philippines 92828 Palimbang
0%
United States 20192 Palisades Park
0%
India 64497 Pālitāna
0%
India 20760 Pālkonda
0%
India 9804 Pālkot
0%
India 13733 Palkūr
0%
India 42225 Palladam
0%
India 24319 Pallapatti
0%
India 13065 Pallappālaiyam
0%
India 8586 Pallappālaiyam
0%
India 25131 Pallappatti
0%
India 15620 Pallappatti
0%
India 10875 Pallarimangalam
0%
Russia 14966 Pallasovka
0%
India 10536 Pallattūr
0%
India 215417 Pallāvaram
0%
Italy 20106 Pallazzolo sull’Oglio
0%
Spain 11825 Pallejá
0%
India 29132 Pallijkarani
0%
India 16900 Pallikapuzha
0%
India 23067 Pallikondai
0%
India 19920 Palliman
0%
Greece 59459 Pallíni
0%
India 47038 Pallipālaiyam
0%
India 11423 Pallipattu
0%
India 8842 Pallippatti
0%
India 21809 Pallippuram
0%
India 27307 Pallippurattusēri
0%
India 38166 Pallipram
0%
Italy 16221 Palma Campania
0%
Brazil 10242 Palmácia
0%
Spain 20546 Palma del Río
0%
Italy 21373 Palma di Montechiaro
0%
India 54035 Palmaner
0%
Colombia 27728 Palmar de Varela
0%
Brazil 54584 Palmares
0%
Costa Rica 41805 Palmares
0%
Brazil 12844 Palmares do Sul
0%
Brazil 9650 Palmares Paulista
0%
Brazil 21796 Palmas de Monte Alto
0%
Cuba 119740 Palma Soriano
0%
United States 547659 Palm Bay
0%
United States 59751 Palm Beach Gardens
0%
United States 25699 Palm City
0%
United States 94362 Palm Coast
0%
United States 165487 Palmdale
0%
Brazil 33855 Palmeira
0%
Brazil 33131 Palmeira das Missões
0%
Brazil 8903 Palmeira d’Oeste
0%
Brazil 71574 Palmeira dos Índios
0%
Brazil 14587 Palmeirais
0%
Brazil 21059 Palmeiras
0%
Brazil 10339 Palmeiras
0%
Brazil 31858 Palmeiras de Goiás
0%
Portugal 62831 Palmela
0%
United States 15873 Palmer Ranch
0%
United Kingdom 15162 Palmers Green
0%
United States 13449 Palmetto
0%
United States 24247 Palmetto Bay
0%
United States 16587 Palmetto Estates
0%
United States 61454 Palm Harbor
0%
Chile 11844 Palmilla
0%
Colombia 358895 Palmira
0%
Cuba 31813 Palmira
0%
Brazil 22094 Palmital
0%
Brazil 13033 Palmital
0%
Colombia 13682 Palmito
0%
Brazil 15626 Palmitos
0%
United States 26719 Palm River-Clair Mel
0%
United States 19775 Palm Valley
0%
United States 15650 Palmview
0%
India 70467 Palni
0%
Colombia 9120 Palocabildo
0%
India 14795 Pālod
0%
Italy 20575 Palo del Colle
0%
United States 8797 Paloma Creek South
0%
Spain 9277 Palomares del Río
0%
Italy 12873 Palombara Sabina
0%
Philippines 58313 Palompon
0%
India 91196 Pāloncha
0%
Venezuela 153706 Palo Negro
0%
Indonesia 180130 Palopo
0%
Spain 12663 Palos de la Frontera
0%
United States 11817 Palos Heights
0%
United States 18139 Palos Hills
0%
United States 13047 Palos Verdes Estates
0%
Brazil 35011 Palotina
0%
Argentina 50183 Palpalá
0%
India 13186 Palsāna
0%
India 10950 Palsud
0%
Philippines 18566 Paluan
0%
India 11164 Palukudoddi
0%
India 131926 Palwal
0%
Burkina Faso 13579 Pama
0%
India 10622 Pāma
0%
India 21395 Pāmarru
0%
India 21338 Pāmbādi
0%
India 40822 Pāmban
0%
Philippines 35532 Pambujan
0%
Indonesia 91160 Pamekasan
0%
India 26886 Pāmidi
0%
France 16512 Pamiers
0%
Thailand 8758 Pa Mok
0%
Argentina 8176 Pampa del Infierno
0%
Venezuela 47549 Pampán
0%
Venezuela 31836 Pampanito
0%
Peru 11566 Pampas
0%
Venezuela 35400 Pampatar
0%
South Africa 21707 Pampierstad
0%
India 21680 Pāmpur
0%
Turkey 347926 Pamukkale
0%
Turkey 30482 Pamukova
0%
India 63017 Pāmūru
0%
Philippines 209230 Panabo
0%
India 25143 Panāgar
0%
Bulgaria 29992 Panagyurishte
0%
India 36983 Panaiyadikuppam
0%
Guatemala 16101 Panajachel
0%
India 40017 Panaji
0%
India 29895 Pānakkudi
0%
India 11651 Panamaram
0%
India 10725 Panamarattuppatti
0%
Brazil 43515 Panambi
0%
China 70072 Pan’an
0%
Philippines 49849 Pananaw
0%
Philippines 10797 Panaon
0%
India 13399 Panapākkam
0%
India 24678 Pānapur
0%
India 11478 Pānāpur Langa
0%
India 8994 Panasapādu
0%
Nepal 27358 Panauti
0%
Philippines 48890 Panay
0%
France 11207 Panazol
0%
Brazil 21548 Pancas
0%
Serbia 73401 Pančevo
0%
India 26358 Panchānandapur
0%
Bangladesh 62198 Panchari Bazar
0%
India 13280 Pānchgani
0%
India 17137 Pānchgrām
0%
India 10170 Pānchi
0%
El Salvador 41260 Panchimalco
0%
India 211355 Panchkula
0%
India 26432 Pānchla
0%
Philippines 84769 Pandacan
0%
Philippines 26356 Pandag
0%
India 12306 Pandalkudi
0%
Philippines 33177 Pandami
0%
Philippines 35965 Pandan
0%
Philippines 21473 Pandan
0%
India 35113 Pandaul
0%
India 14522 Pandhāna
0%
India 242515 Pandharpur
0%
India 45479 Pāndhurnā
0%
Philippines 155115 Pandi
0%
Italy 8856 Pandino
0%
India 13043 Pandireddigūdem
0%
India 30700 Pandua
0%
Brazil 22991 Panelas
0%
India 10872 Pānetha
0%
Lithuania 87913 Panevėžys
0%
Kyrgyzstan 8636 Panfilovka
0%
Philippines 9713 Panganiban
0%
Philippines 56580 Pangantocan
0%
China 74912 Panggezhuang
0%
Philippines 25026 Pangil
0%
Indonesia 105514 Pangkalan Bun
0%
Indonesia 218569 Pangkalpinang
0%
Philippines 39839 Panglao
0%
Burma 24565 Panglong
0%
Chile 11091 Panguipulli
0%
India 9311 Pangunattam
0%
Indonesia 34209 Pangururan
0%
India 161428 Pangzawl
0%
India 11128 Panhar
0%
India 14565 Paniem
0%
India 377347 Pānihāti
0%
India 1202811 Pānīpat
0%
Philippines 103003 Paniqui
0%
Philippines 42565 Panitan
0%
Afghanistan 9900 Panjāb
0%
Tajikistan 303000 Panjakent
0%
India 8619 Panjampatti
0%
India 13464 Panjgirāin Kalān
0%
Pakistan 157693 Panjgur
0%
India 12376 Panjīpāra
0%
India 24397 Panmana
0%
India 12504 Pannaikkādu
0%
India 17336 Pannaipuram
0%
Australia 685 Pannawonica
0%
India 14232 Pannimadai
0%
India 19312 Panniperumthalai
0%
India 22308 Panniyannūr
0%
Brazil 15458 Panorama
0%
Greece 17679 Panórama
0%
India 11289 Panpuli
0%
India 14201 Pānr
0%
India 10026 Pānrepatti
0%
India 60323 Panruti
0%
India 14182 Pānsemāl
0%
China 370238 Panshi
0%
India 57932 Pānskura
0%
Philippines 35254 Pansol
0%
Philippines 31763 Pantabangan
0%
Dominican Republic 138919 Pantanal
0%
Burma 20497 Pantanaw
0%
Brazil 10212 Pântano Grande
0%
Philippines 30247 Pantao-Ragat
0%
Philippines 26599 Pantar
0%
Mexico 8629 Pantelhó
0%
Romania 32873 Pantelimon
0%
Timor-Leste 20000 Pante Macassar
0%
Mexico 12266 Pantepec
0%
United States 8840 Panthersville
0%
India 35820 Pantnagar
0%
Philippines 90786 Pantukan
0%
Mexico 33122 Pánuco
0%
Mexico 11927 Pánuco de Coronado
0%
Philippines 16376 Panukulan
0%
India 311434 Panvel
0%
China 100000 Panying
0%
India 12141 Panzgām
0%
Guatemala 81063 Panzos
0%
Philippines 25001 Paoay
0%
Brazil 23823 Pão de Açúcar
0%
Italy 14709 Paola
0%
Malta 8706 Paola
0%
Philippines 55696 Paombong
0%
India 25183 Pāonta Sāhib
0%
Senegal 43460 Paoskoto
0%
Central African Republic 17370 Paoua
0%
Benin 27351 Paouignan
0%
Cambodia 98934 Paoy Paet
0%
Brazil 13920 Papagaios
0%
Greece 13962 Papágos
0%
India 12084 Pāpampeta
0%
India 21653 Pāpanāsam
0%
Brazil 19150 Papanduva
0%
Mexico 161097 Papantla de Olarte
0%
Côte d’Ivoire 8866 Papara
0%
Germany 38841 Papenburg
0%
Netherlands 32171 Papendrecht
0%
United States 24063 Papillion
0%
India 11329 Pāpireddippatti
0%
India 8694 Pāppākudi
0%
India 26889 Pāppākurichchi
0%
India 9265 Pāppampatti
0%
India 35134 Pāppinisshēri
0%
India 10797 Papraur
0%
Philippines 22591 Parabcan
0%
Italy 27723 Parabiago
0%
Italy 8741 Parabita
0%
Philippines 60198 Paracale
0%
Brazil 52683 Paracambi
0%
Brazil 75216 Paracatu
0%
Philippines 31168 Paracelis
0%
Pakistan 700000 Parachinar
0%
Mexico 37464 Paracho de Verduzco
0%
Serbia 54267 Paraćin
0%
Mexico 26789 Paracuaro
0%
Spain 27238 Paracuellos de Jarama
0%
Brazil 27541 Paracuru
0%
India 9856 Paradarāmi
0%
Brazil 97139 Pará de Minas
0%
India 68585 Parādīp Garh
0%
United States 12621 Paradise Valley
0%
India 16563 Paragaticherla
0%
Brazil 76450 Paragominas
0%
United States 29940 Paragould
0%
Brazil 21605 Paraguaçu
0%
Brazil 45945 Paraguaçu Paulista
0%
Paraguay 22154 Paraguarí
0%
Brazil 42063 Paraíba do Sul
0%
Brazil 18274 Paraibano
0%
Brazil 18263 Paraibuna
0%
Brazil 32216 Paraipaba
0%
India 10379 Pāraippatti
0%
Mexico 96741 Paraíso
0%
Costa Rica 20601 Paraíso
0%
Dominican Republic 15390 Paraíso
0%
Brazil 13245 Paraíso do Norte
0%
Brazil 52360 Paraíso do Tocantins
0%
Brazil 20445 Paraisópolis
0%
India 29997 Pārakadavu
0%
Benin 206667 Parakou
0%
India 16533 Parali
0%
Cyprus 14963 Paralímni
0%
India 133000 Paramagudi
0%
India 12031 Paramanandal
0%
India 11913 Paramankurichi
0%
India 14683 Paramati
0%
India 24495 Parambatt Kavu
0%
India 32784 Parambil
0%
Brazil 31445 Parambu
0%
France 8811 Paramé
0%
Brazil 21695 Paramirim
0%
Peru 21453 Paramonga
0%
Brazil 10384 Paramoti
0%
United States 52546 Paramount
0%
United States 26500 Paramus
0%
Brazil 9557 Paranacity
0%
Brazil 127339 Paranaguá
0%
Brazil 40957 Paranaíba
0%
Brazil 19357 Paranapanema
0%
Brazil 12199 Paranatama
0%
Brazil 75750 Paranavaí
0%
Philippines 102914 Parang
0%
Philippines 71495 Parang
0%
Brazil 12921 Paranhos
0%
Brazil 24107 Paraopeba
0%
New Zealand 28701 Paraparaumu
0%
New Zealand 9087 Paraparaumu Beach
0%
India 14884 Parapatti
0%
India 71239 Parappanangādi
0%
India 11932 Parappukara
0%
India 36270 Parappur
0%
Brazil 11098 Parapuã
0%
India 8970 Pararia
0%
India 8745 Pararia
0%
India 8672 Parasbani
0%
India 21203 Parasi
0%
India 49979 Parāsia
0%
India 12551 Parasurāmpūr
0%
India 8771 Paratdiha
0%
Brazil 29252 Paratinga
0%
Brazil 29544 Paraty
0%
India 9556 Parauli
0%
Brazil 10980 Paraúna
0%
India 9802 Paravāda
0%
India 21447 Paravai
0%
India 10000 Paravākkottai
0%
India 38649 Paravūrkambolam
0%
India 37245 Paravūr Tekkumbhāgam
0%
France 9256 Paray-le-Monial
0%
India 11181 Parbata
0%
India 307170 Parbhani
0%
Poland 10519 Parczew
0%
Iran 8699 Pardanjān
0%
Israel 42100 Pardés H̱anna Karkur
0%
India 51689 Pardigūda
0%
Czechia 92362 Pardubice
0%
India 50920 Pardwāl
0%
Portugal 17830 Parede
0%
Portugal 86854 Paredes
0%
Portugal 9198 Paredes de Coura
0%
Brazil 21499 Parelhas
0%
France 10407 Parempuyre
0%
India 9662 Pareo
0%
Indonesia 129542 Parepare
0%
India 20164 Pargi
0%
Indonesia 85485 Pariaman
0%
Brazil 10573 Paricônia
0%
Indonesia 44857 Parigi
0%
India 12614 Parigi
0%
India 13848 Parihāra
0%
India 17810 Pariharpur
0%
India 13407 Parihārpur
0%
India 36983 Parikkalpattu
0%
Mexico 10036 Parilla
0%
India 27122 Parimpūdi
0%
Brazil 96372 Parintins
0%
Brazil 29058 Paripiranga
0%
Brazil 13835 Paripueira
0%
Brazil 19391 Pariquera-Açu
0%
Malaysia 26328 Parit Buntar
0%
India 22766 Pariyāpuram
0%
India 20405 Pariyāram
0%
India 8595 Pariyāri
0%
India 20257 Parkāl
0%
Uzbekistan 60200 Parkent
0%
United States 63236 Parkersburg
0%
Australia 9832 Parkes
0%
United States 20898 Park Forest
0%
United States 8810 Park Forest Village
0%
United States 8667 Park Hills
0%
United States 39241 Park Ridge
0%
United States 9218 Park Ridge
0%
United Kingdom 10779 Parkstone
0%
Canada 27330 Parksville
0%
United States 30423 Parkville
0%
United States 15880 Parkway
0%
United States 14545 Parlier
0%
India 90975 Parli Vaijnāth
0%
United States 20616 Parma Heights
0%
India 9667 Parmānpur
0%
Brazil 10103 Parnaguá
0%
Brazil 162159 Parnaíba
0%
Brazil 252716 Parnamirim
0%
Brazil 20224 Parnamirim
0%
Brazil 31250 Parnarama
0%
India 25000 Pārner
0%
India 10713 Parnera
0%
Bhutan 2362 Paro
0%
Brazil 58858 Parobé
0%
India 9339 Parol
0%
United States 17910 Parole
0%
India 11366 Parora
0%
South Africa 119462 Parow
0%
Guatemala 20632 Parramos
0%
Mexico 33817 Parras de la Fuente
0%
Costa Rica 16115 Parrita
0%
India 8630 Parsād
0%
India 22057 Parsāgarhi
0%
India 19517 Parsāhi Sirsia
0%
United States 21869 Parsippany
0%
United States 56072 Parsippany-Troy Hills
0%
United States 9482 Parsons
0%
Bangladesh 29691 Parsuram
0%
Italy 9838 Partanna
0%
India 39050 Partāpnagar
0%
India 10615 Partāp Tānr
0%
Kosovo 1738 Partesh
0%
France 10121 Parthenay
0%
India 10232 Pārtibanūr
0%
United Kingdom 8884 Partick
0%
Italy 30674 Partinico
0%
Russia 33165 Partizansk
0%
Slovakia 21439 Partizánske
0%
India 35883 Partūr
0%
India 13375 Paruchūru
0%
Afghanistan 1647 Pārūn
0%
India 9572 Parūr
0%
India 24345 Paruthūr
0%
India 11355 Parvatgiri
0%
India 53844 Pārvatipuram
0%
Bulgaria 13180 Parvomay
0%
India 9925 Parwāha
0%
South Africa 45868 Parys
0%
Philippines 53461 Pasacao
0%
Guatemala 11229 Pasaco
0%
United States 12848 Pasadena Hills
0%
Ecuador 60147 Pasaje
0%
El Salvador 17152 Pasaquina
0%
Indonesia 255345 Pasarkemis
0%
India 8602 Pasaul
0%
Philippines 440656 Pasay City
0%
Colombia 12175 Pasca
0%
United States 21812 Pascagoula
0%
Romania 30766 Paşcani
0%
United States 78446 Pasco
0%
Italy 9252 Pasian di Prato
0%
Philippines 803159 Pasig City
0%
India 24656 Pāsighāt
0%
Philippines 10577 Pasil
0%
Turkey 27055 Pasinler
0%
Malaysia 312499 Pasir Gudang
0%
India 8751 Pasivedalajimma
0%
Poland 12074 Pasłęk
0%
Pakistan 34524 Pasni
0%
Panama 9543 Paso Canoas
0%
Uruguay 15908 Paso de Carrasco
0%
Mexico 31890 Paso del Macho
0%
Argentina 43251 Paso de los Libres
0%
Uruguay 12985 Paso de los Toros
0%
Mexico 33392 Paso de Ovejas
0%
India 9300 Pasrāha
0%
Pakistan 58644 Pasrur
0%
Brazil 10896 Passa e Fica
0%
Brazil 19137 Passagem Franca
0%
United States 69651 Passaic
0%
Brazil 16393 Passa Quatro
0%
Philippines 88873 Passi
0%
Brazil 28340 Passira
0%
Brazil 13804 Passo de Camarajibe
0%
Brazil 8668 Passo do Sertão
0%
Brazil 168458 Passo Fundo
0%
Brazil 111939 Passos
0%
France 10852 Passy
0%
Belarus 18618 Pastavy
0%
Colombia 410835 Pasto
0%
Guatemala 19661 Pastores
0%
Brazil 18802 Pastos Bons
0%
India 11757 Pastpār
0%
Philippines 19359 Pastrana
0%
India 9808 Pasupatikovil
0%
Philippines 29678 Pasuquin
0%
Indonesia 186262 Pasuruan
0%
Lithuania 6411 Pasvalys
0%
Bolivia 22858 Patacamaya
0%
India 11081 Pāta Ellamilli
0%
India 13324 Pataili
0%
India 23201 Pātakākāni
0%
India 24600 Pāta Kalidindi
0%
India 13572 Patālia
0%
India 36528 Patāmundai
0%
India 125497 Pātan
0%
India 17441 Pātan
0%
India 53160 Patancheruvu
0%
India 15954 Pātapatnam
0%
India 11981 Pāta Putrela
0%
Costa Rica 11921 Patarrá
0%
United States 18049 Pataskala
0%
India 8547 Pāta Uppāl
0%
United Kingdom 14277 Patcham
0%
United States 12368 Patchogue
0%
India 9303 Patchūr
0%
India 11546 Patera
0%
Spain 74822 Paterna
0%
Italy 45162 Paterno
0%
Philippines 65227 Pateros
0%
United States 157660 Paterson
0%
India 37802 Pathanāmthitta
0%
India 155909 Pathānkot
0%
India 228279 Pāthardi
0%
India 9671 Pathāri
0%
India 22684 Patharia
0%
Burma 287071 Pathein
0%
India 25007 Pathiyanikunnu
0%
India 12219 Pathra
0%
India 8664 Pathrāha
0%
India 19546 Pathrajolhania
0%
India 36853 Pāthri
0%
Thailand 18320 Pathum Thani
0%
Colombia 37781 Patía
0%
India 763280 Patiāla
0%
India 14366 Patiāli
0%
Philippines 24736 Patian
0%
Brazil 29619 Pati do Alferes
0%
Philippines 79564 Patikul
0%
India 15491 Patilār
0%
India 12462 Pātiram
0%
India 18008 Patiriyat
0%
Peru 47827 Pativilca
0%
India 27535 Patjirwa
0%
India 1684222 Patna
0%
India 24676 Patnāgarh
0%
Philippines 15052 Patnanungan
0%
Philippines 38329 Patnongon
0%
Turkey 61837 Patnos
0%
Brazil 91836 Pato Branco
0%
India 10995 Patori
0%
Brazil 103165 Patos
0%
Albania 15397 Patos
0%
Brazil 159235 Patos de Minas
0%
India 21024 Patpāra
0%
India 10844 Pātrasāer
0%
India 32899 Patrātu
0%
India 30000 Pātri
0%
Brazil 89826 Patrocínio
0%
Brazil 14807 Patrocínio Paulista
0%
India 9837 Patsanda
0%
India 19743 Pattamadai
0%
India 28632 Pattāmbi
0%
India 30867 Pattanakkād
0%
India 10841 Pattanam
0%
India 8549 Pattanam
0%
India 32339 Pattanapuram
0%
Thailand 44353 Pattani
0%
United States 24306 Patterson
0%
United States 11568 Patterson
0%
India 19186 Pattiayal
0%
India 315957 Pattikād
0%
India 29342 Pattikonda
0%
India 9113 Pattīswaram
0%
India 30819 Pattittara
0%
India 22184 Pattiyūrgrāmam
0%
Pakistan 77210 Pattoki
0%
India 73135 Pattukkottai
0%
Brazil 11007 Patu
0%
Bangladesh 65000 Patuakhāli
0%
Guatemala 41543 Patulul
0%
India 8999 Patūt
0%
India 20598 Patuvilāyi
0%
Hungary 8610 Páty
0%
Mexico 98382 Pátzcuaro
0%
Guatemala 40848 Patzicía
0%
Guatemala 71790 Patzún
0%
Brazil 9370 Pau Brasil
0%
Brazil 45138 Pau d’Alho
0%
Brazil 30479 Pau dos Ferros
0%
Brazil 19522 Pauini
0%
Burma 19157 Pauktaw
0%
Brazil 8659 Paula Cândido
0%
Brazil 97702 Paulínia
0%
Brazil 17056 Paulino Neves
0%
Brazil 342167 Paulista
0%
Brazil 11834 Paulista
0%
Brazil 21055 Paulistana
0%
Brazil 112870 Paulo Afonso
0%
India 10978 Paura Madan Singh
0%
India 25440 Pauri
0%
India 9923 Paval
0%
India 15003 Pavannur
0%
Iran 25771 Pāveh
0%
Italy 70636 Pavia
0%
Philippines 70388 Pavia
0%
India 9917 Pavittiram
0%
Bulgaria 9757 Pavlikeni
0%
Kazakhstan 343091 Pavlodar
0%
Ukraine 101430 Pavlohrad
0%
Russia 57116 Pavlovo
0%
Russia 22384 Pavlovsk
0%
Russia 65297 Pavlovskiy Posad
0%
Italy 13100 Pavona
0%
India 28486 Pāvugada
0%
Italy 18103 Pavullo nel Frignano
0%
India 17230 Pāvumba
0%
India 15845 Pawai
0%
India 28613 Pawāyan
0%
Poland 9085 Pawłowice
0%
India 22821 Pawni
0%
United States 75280 Pawtucket
0%
Uzbekistan 23900 Paxtakor Shahri
0%
Uzbekistan 34400 Paxtaobod
0%
Uzbekistan 12200 Paxtaobod
0%
Philippines 40308 Payabon
0%
India 27001 Pāyakarāopeta
0%
Indonesia 125608 Payakumbuh
0%
Philippines 34952 Payao
0%
Uzbekistan 12345 Payariq Shahri
0%
Philippines 139740 Payatas
0%
Switzerland 9943 Payerne
0%
India 19711 Payimattam
0%
India 24000 Payipira
0%
Uruguay 76412 Paysandú
0%
Uzbekistan 11606 Payshamba Shahri
0%
United States 22205 Payson
0%
United States 16494 Payson
0%
India 13344 Payyanadam
0%
India 17961 Payyannūr
0%
India 12391 Payyanpalli
0%
India 49470 Payyoli
0%
Turkey 70173 Pazarcık
0%
Bulgaria 73931 Pazardzhik
0%
Colombia 26237 Paz de Ariporo
0%
India 13339 Pazhanji
0%
India 16688 Pazhayannūr
0%
Croatia 8279 Pazin
0%
Brazil 13346 Peabiru
0%
United States 54180 Peabody
0%
United States 38977 Peachtree City
0%
United States 42184 Peachtree Corners
0%
United States 27458 Pearl
0%
United States 125983 Pearland
0%
United States 45079 Pearl City
0%
United States 16282 Pearl River
0%
United States 8841 Pearsall
0%
Mozambique 58342 Pebane
0%
India 12289 Pebberu
0%
United States 10719 Pebble Creek
0%
United States 24798 Pecan Grove
0%
Brazil 17446 Peçanha
0%
Hungary 17377 Pécel
0%
Romania 10182 Pechea
0%
Russia 41000 Pechora
0%
Russia 9808 Pechory
0%
Romania 11950 Pecica
0%
Serbia 19720 Pećinci
0%
India 95291 Pedagādi
0%
Benin 74492 Péda-Houéyogbé
0%
India 30721 Pedana
0%
India 10936 Pedappai
0%
Italy 15058 Pedara
0%
India 11925 Pedda Adsarlapalli
0%
India 15273 Peddaboddepalle
0%
India 9839 Pedda Kotayalanka
0%
India 13014 Peddakūrapādu
0%
India 9071 Pedda Muppāram
0%
India 8741 Pedda Nindrakolanu
0%
India 8993 Peddannavāripalle
0%
India 15065 Peddapalle
0%
India 41171 Peddapalli
0%
India 8977 Pedda Pendyāla
0%
India 8507 Pedda Penki
0%
India 49477 Peddāpuram
0%
India 10274 Peddāpuram
0%
India 9256 Pedda Tumbalam
0%
India 13076 Peddavadlapūdi
0%
India 11846 Pedda Vegi
0%
Ecuador 27068 Pedernales
0%
Dominican Republic 13805 Pedernales
0%
Brazil 44910 Pederneiras
0%
Brazil 13243 Pé de Serra
0%
Brazil 24410 Pedra Azul
0%
Cabo Verde 9530 Pedra Badejo
0%
Brazil 40187 Pedra Branca
0%
Brazil 10760 Pedralva
0%
Brazil 18066 Pedra Preta
0%
Brazil 29662 Pedras de Fogo
0%
Brazil 8871 Pedras de Maria da Cruz
0%
Spain 8687 Pedreguer
0%
Brazil 16517 Pedregulho
0%
Brazil 48463 Pedreira
0%
Brazil 37050 Pedreiras
0%
Brazil 14055 Pedro Afonso
0%
Cuba 29565 Pedro Betancourt
0%
Dominican Republic 74016 Pedro Brand
0%
Ecuador 24882 Pedro Carbo
0%
Mexico 43447 Pedro Celestino Negrete
0%
Brazil 11281 Pedro de Toledo
0%
Brazil 37894 Pedro II
0%
Paraguay 115583 Pedro Juan Caballero
0%
Brazil 58740 Pedro Leopoldo
0%
Argentina 9494 Pedro Luro
0%
Brazil 13824 Pedro Velho
0%
Ghana 18701 Peduasi
0%
United Kingdom 8940 Peebles
0%
United States 25484 Peekskill
0%
Greece 13435 Péfka
0%
Greece 21293 Péfki
0%
North Macedonia 1687 Pehčevo
0%
Benin 78217 Péhonko
0%
India 38853 Pehowa
0%
Argentina 31553 Pehuajó
0%
Germany 12881 Peißenberg
0%
Germany 11903 Peiting
0%
Brazil 9317 Peixe
0%
Kosovo 96450 Pejë
0%
Indonesia 298386 Pekalongan
0%
Indonesia 983356 Pekanbaru
0%
Indonesia 120488 Pelabuhanratu
0%
India 9328 Pelāgor
0%
Ukraine 17833 Pelahiivka
0%
Colombia 17910 Pelaya
0%
Mali 56259 Pèlèngana
0%
Côte d’Ivoire 14100 Pélézi
0%
United States 24510 Pelham
0%
Canada 18192 Pelham
0%
United States 14333 Pelham
0%
United States 12895 Pelham
0%
Czechia 16420 Pelhřimov
0%
Spain 11674 Peligros
0%
Ecuador 11403 Pelileo
0%
France 10799 Pélissanne
0%
Turkey 23314 Pelitli
0%
United States 13353 Pell City
0%
Italy 10920 Pellezzano
0%
Brazil 323158 Pelotas
0%
United Kingdom 11371 Pelsall
0%
Bhutan 3000 Pemagatshel
0%
Indonesia 44783 Pemangkat
0%
Indonesia 44783 Pemangkat
0%
Indonesia 278055 Pematangsiantar
0%
Mozambique 141316 Pemba
0%
United Kingdom 9657 Pembroke Dock
0%
Mali 11329 Pemmpéréna
0%
India 8915 Penaballi
0%
Philippines 50300 Peñablanca
0%
Portugal 15251 Penacova
0%
Portugal 72265 Penafiel
0%
Chile 90201 Peñaflor
0%
Brazil 8972 Pena Forte
0%
India 11063 Pēnagam
0%
Trinidad and Tobago 12281 Penal
0%
Chile 216060 Peñalolén
0%
Brazil 38731 Penalva
0%
India 13170 Penamalūru
0%
Mexico 17007 Peñamiller
0%
Brazil 61679 Penápolis
0%
Philippines 32269 Peñaranda
0%
Spain 10289 Peñarroya-Pueblonuevo
0%
United Kingdom 22595 Penarth
0%
China 403655 Pencheng
0%
Chile 47367 Penco
0%
United Kingdom 9117 Pencoed
0%
India 8727 Pendekallu
0%
Sierra Leone 20502 Pendembu
0%
Brazil 12278 Pendências
0%
Turkey 750435 Pendik
0%
United Kingdom 13069 Pendlebury
0%
United States 17070 Pendleton
0%
India 21447 Pendurti
0%
Brazil 63846 Penedo
0%
Canada 10077 Penetanguishene
0%
United States 38870 Penfield
0%
China 43005 Pengzhen
0%
Brazil 33663 Penha
0%
Portugal 26431 Peniche
0%
United Kingdom 15926 Penicuik
0%
United Kingdom 12674 Penistone
0%
Mexico 149936 Pénjamo
0%
United Kingdom 9140 Penkridge
0%
India 23979 Pennādam
0%
India 20203 Pennāgaram
0%
India 74037 Pennepalli
0%
United States 10066 Penn Forest
0%
United States 40528 Penn Hills
0%
United States 37089 Pennsauken
0%
United States 12709 Pennsville
0%
Australia 1376 Penola
0%
Panama 21748 Penonomé
0%
United Kingdom 14756 Penrith
0%
Australia 13295 Penrith
0%
Colombia 26342 Pensilvania
0%
India 12889 Pentapādu Kasba
0%
Brazil 37813 Pentecoste
0%
Canada 36893 Penticton
0%
India 14374 Penuganchiprolu
0%
India 8797 Penugolanu
0%
India 16038 Penugonda
0%
India 27382 Penukonda
0%
United Kingdom 22561 Penwortham
0%
United Kingdom 49404 Pen-y-Bont ar Ogwr
0%
Germany 16909 Penzberg
0%
Benin 11843 Péonga
0%
Congo (Kinshasa) 24767 Pepa
0%
Dominican Republic 9136 Pepillo Salcedo
0%
Belgium 9765 Pepinster
0%
United States 11656 Pepperell
0%
United States 15576 Pequannock
0%
Portugal 29407 Perafita
0%
India 17079 Peragamanna
0%
Malaysia 14433 Perai
0%
Greece 16995 Peraía
0%
India 12690 Peraiyūr
0%
India 11035 Perali
0%
Chile 10682 Peralillo
0%
Dominican Republic 15257 Peralta
0%
Greece 25628 Pérama
0%
India 49648 Perambalūr
0%
India 11355 Perāmpuzha
0%
India 51271 Peranāmpattu
0%
India 10363 Peravali
0%
India 23558 Pēravūr
0%
India 22084 Perāvūrani
0%
Haiti 11556 Perches
0%
Austria 15047 Perchtoldsdorf
0%
Brazil 12268 Perdigão
0%
Brazil 17151 Perdizes
0%
Brazil 21384 Perdões
0%
India 13945 Perdūr
0%
Russia 10 Peregrebnoye
0%
Ukraine 12681 Perehinske
0%
Colombia 590554 Pereira
0%
Brazil 25677 Pereira Barreto
0%
Brazil 8773 Pereiras
0%
Brazil 15274 Pereiro
0%
Benin 78988 Pèrèrè
0%
Moldova 9122 Peresecina
0%
Ukraine 9639 Pereshchepyne
0%
Russia 38649 Pereslavl’-Zalesskiy
0%
Ukraine 24817 Perevalsk
0%
Ukraine 26273 Pereyaslav-Khmel’nyts’kyy
0%
Philippines 12767 Perez
0%
Argentina 26448 Pérez
0%
Argentina 104985 Pergamino
0%
Italy 21572 Pergine Valsugana
0%
Argentina 49422 Perico
0%
Cuba 29746 Perico
0%
Indonesia 12859 Perigi Dua
0%
France 8802 Périgny
0%
France 29876 Périgueux
0%
Brazil 11108 Peri-Mirim
0%
India 40292 Peringalam
0%
India 20785 Peringanād
0%
India 13261 Peringom
0%
India 11482 Peringōttukurusshi
0%
India 23878 Peringuzha
0%
India 49723 Perintalmanna
0%
United States 47121 Perinton
0%
Greece 133630 Peristéri
0%
Argentina 4617 Perito Moreno
0%
Brazil 20479 Peritoró
0%
United Kingdom 15339 Perivale
0%
India 12330 Periyakoduveri
0%
India 42976 Periyakulam
0%
India 9084 Periyamuttūr
0%
India 30154 Periyanāyakkanpālaiyam
0%
India 10141 Periyanegamam
0%
India 9478 Periya Pattanam
0%
India 8910 Periyapōdu
0%
India 9704 Periyapuliyūr
0%
India 55282 Periya Semūr
0%
India 11299 Periya Soragai
0%
United States 9176 Perkasie
0%
India 9764 Perket
0%
United States 8958 Perkiomen
0%
India 13230 Perladka
0%
Germany 12026 Perleberg
0%
Albania 5945 Përmet
0%
India 17041 Pernamitta
0%
France 10433 Pernes-les-Fontaines
0%
Bulgaria 97181 Pernik
0%
France 9541 Pérols
0%
Albania 9005 Perondi
0%
Mexico 77432 Perote
0%
France 120996 Perpignan
0%
United States 79349 Perris
0%
United Kingdom 23652 Perry Barr
0%
United States 28908 Perry Hall
0%
United States 8672 Perry Heights
0%
United States 25065 Perrysburg
0%
United States 8625 Perryton
0%
United States 8530 Perryville
0%
France 14348 Persan
0%
Turkey 30101 Perşembe
0%
Ukraine 27099 Pershotravens’k
0%
United States 55278 Perth Amboy
0%
Canada 12261 Perth East
0%
France 19764 Pertuis
0%
Brazil 69001 Peruíbe
0%
India 11551 Perumbakkam
0%
India 9579 Perumbālai
0%
India 26550 Perumbalam
0%
India 9678 Perumbalam
0%
India 19074 Perumkulam
0%
India 10104 Perumuchchi
0%
India 35173 Perunād
0%
India 22364 Perundurai
0%
India 13501 Perungala
0%
India 23579 Perungudi
0%
India 8516 Perungulam
0%
India 25864 Perunkalattu
0%
India 14749 Perunkolattūr
0%
India 18691 Perunturuttu
0%
India 16948 Perupālem
0%
India 10513 Perūr
0%
India 19323 Perūru
0%
India 80199 Peruvancha
0%
India 17576 Peruvanthānam
0%
Belgium 17113 Péruwelz
0%
Ukraine 62426 Pervomaisk
0%
Ukraine 36091 Pervomaisk
0%
Ukraine 28510 Pervomaiskyi
0%
Russia 13828 Pervomaysk
0%
Russia 111751 Pervouralsk
0%
Belgium 9291 Perwez
0%
Italy 95376 Pesaro
0%
Italy 17425 Pescantina
0%
Brazil 10190 Pescaria Brava
0%
Russia 10593 Peschanokopskoye
0%
Italy 10961 Peschiera del Garda
0%
Italy 19223 Pescia
0%
Pakistan 1970042 Peshawar
0%
Albania 13251 Peshkopi
0%
Bulgaria 23972 Peshtera
0%
Slovenia 843 Pesnica
0%
Ukraine 23509 Pesochin
0%
Portugal 17131 Peso da Régua
0%
Brazil 67735 Pesqueira
0%
Mexico 147624 Pesquería
0%
France 66874 Pessac
0%
Haiti 36138 Pestel
0%
Russia 14032 Pestovo
0%
Israel 236169 Petaẖ Tiqwa
0%
United States 11195 Petal
0%
Malaysia 638516 Petaling Jaya
0%
United States 59321 Petaluma
0%
Guatemala 129124 Petapa
0%
Venezuela 369000 Petare
0%
Indonesia 180084 Petarukan
0%
Mexico 44485 Petatlán
0%
Canada 18160 Petawawa
0%
United Kingdom 20329 Peterlee
0%
Germany 25226 Petershagen
0%
Italy 8614 Petilia Policastro
0%
Haiti 359615 Pétion-Ville
0%
Haiti 170740 Petite Rivière de l’Artibonite
0%
Haiti 29815 Petite Rivière de Nippes
0%
France 15911 Petite-Synthe
0%
Haiti 12000 Petit-Goâve
0%
Haiti 36143 Petit-Trou de Nippes
0%
India 227031 Petlād
0%
India 15175 Petlāwad
0%
India 10043 Petmanhalli
0%
Montenegro 5482 Petnjica
0%
Mexico 19821 Peto
0%
Chile 9881 Petorca
0%
Spain 34076 Petrel
0%
Bulgaria 29479 Petrich
0%
Romania 19600 Petrila
0%
Croatia 19950 Petrinja
0%
Brazil 14020 Petrolândia
0%
Brazil 218538 Petrolina
0%
Brazil 9573 Petrolina de Goiás
0%
Kazakhstan 201446 Petropavl
0%
Russia 162992 Petropavlovsk-Kamchatskiy
0%
Romania 31044 Petroşani
0%
Greece 60146 Petroúpoli
0%
Serbia 31259 Petrovac na Mlavi
0%
Serbia 33865 Petrovaradin
0%
North Macedonia 121 Petrovec
0%
Kyrgyzstan 10879 Petrovka
0%
Russia 26319 Petrovsk
0%
Ukraine 12642 Petrovske
0%
Russia 16213 Petrovsk-Zabaykal’skiy
0%
Russia 12526 Petrov Val
0%
Russia 279190 Petrozavodsk
0%
South Africa 12893 Petrus Steyn
0%
Slovakia 114000 Petržalka
0%
India 11571 Pettaivāyttalai
0%
India 9398 Pettāmpālaiyam
0%
India 9596 Petua
0%
Russia 13317 Petushki
0%
Chile 14313 Peumo
0%
Russia 4083 Pevek
0%
United States 16002 Pewaukee
0%
India 1750176 Peyanvilai
0%
China 33971 Peyziwat
0%
Slovakia 24900 Pezinok
0%
Switzerland 11931 Pfäffikon
0%
Germany 13694 Pfarrkirchen
0%
France 10275 Pfastatt
0%
Germany 9397 Pfedelbach
0%
United States 65162 Pflugerville
0%
Germany 13654 Pfullendorf
0%
Germany 19221 Pfullingen
0%
Germany 25299 Pfungstadt
0%
India 9115 Phagu
0%
India 117954 Phagwāra
0%
Thailand 10450 Phai Sali
0%
Thailand 9905 Phak Hai
0%
South Africa 13108 Phalaborwa
0%
Pakistan 62453 Phalia
0%
India 66978 Phalodi
0%
Malawi 6242 Phalombe
0%
India 52118 Phaltan
0%
Thailand 11032 Phanat Nikhom
0%
Thailand 9559 Phangnga
0%
Vietnam 207998 Phan Rang-Tháp Chàm
0%
Vietnam 45805 Phan Rí Cửa
0%
Vietnam 205333 Phan Thiết
0%
India 10544 Phaphot
0%
India 11052 Pharāha
0%
India 12062 Pharkia
0%
United States 79809 Pharr
0%
Thailand 38576 Phatthalung
0%
Thailand 328961 Phatthaya
0%
Thailand 19118 Phayao
0%
India 10371 Phek
0%
United States 18059 Phelan
0%
Thailand 23823 Phetchabun
0%
Thailand 26181 Phetchaburi
0%
Thailand 10842 Phibun Mangsahan
0%
Thailand 20408 Phichit
0%
Belgium 9228 Philippeville
0%
Germany 13910 Philippsburg
0%
Sint Maarten 1894 Philipsburg
0%
United States 9855 Philipstown
0%
India 178198 Phillaur
0%
United States 15251 Phillipsburg
0%
Thailand 8696 Phimai
0%
India 16365 Phirangipuram
0%
Thailand 281929 Phitsanulok
0%
Vietnam 136654 Phủ Lý
0%
United States 19062 Phoenixville
0%
South Africa 34597 Phokeng
0%
Thailand 11593 Phon
0%
Thailand 10254 Phon Charoen
0%
Laos 15083 Phôngsali
0%
Laos 25000 Phôn-Hông
0%
Laos 37507 Phônsavan
0%
India 8525 Phopnār Kalān
0%
Thailand 9575 Photharam
0%
Thailand 15316 Phrae
0%
Thailand 10864 Phrai Bueng
0%
Thailand 50830 Phra Nakhon Si Ayutthaya
0%
Thailand 34322 Phra Phutthabat
0%
Thailand 10190 Phra Pradaeng
0%
Thailand 13082 Phra Samut Chedi
0%
Vietnam 202874 Phủ Từ Sơn
0%
Vietnam 11957 Phước Long
0%
Vietnam 83352 Phúc Yên
0%
Pakistan 22184 Phularwan
0%
India 15454 Phulaut
0%
India 37371 Phulbāni
0%
India 26091 Phulera
0%
India 11113 Phulgāchhi
0%
India 8949 Phulhara
0%
India 10356 Phulmālik
0%
India 11358 Phulparās
0%
Bangladesh 25628 Phulpur
0%
India 21066 Phulpur
0%
India 14110 Phulwār
0%
India 12969 Phulwaria
0%
India 40122 Phulwāria
0%
Vietnam 29738 Phú Mỹ
0%
Bhutan 27658 Phuntsholing
0%
Vietnam 70000 Phú Quốc
0%
India 89178 Phusro
0%
South Africa 54661 Phuthaditjhaba
0%
Vietnam 91650 Phú Thọ
0%
Vietnam 231363 Phú Yên
0%
Brazil 15908 Piaçabuçu
0%
Italy 102465 Piacenza
0%
Philippines 30132 Piagapo
0%
Colombia 9259 Piamonte
0%
Brazil 16441 Piancó
0%
Italy 15454 Pianezza
0%
Italy 12177 Pianiga
0%
Italy 12355 Piano di Sorrento
0%
Italy 17652 Pianoro
0%
Poland 51945 Piaseczno
0%
Poland 23281 Piastów
0%
Philippines 24805 Piat
0%
Brazil 20086 Piatã
0%
Romania 79679 Piatra Neamţ
0%
Ukraine 18140 Piatykhatky
0%
Italy 20642 Piazza Armerina
0%
Italy 11079 Piazzola sul Brenta
0%
France 8828 Pibrac
0%
Spain 11876 Picaña
0%
Brazil 27127 Piçarras
0%
Spain 22695 Picasent
0%
United States 11839 Picayune
0%
Argentina 30903 Pichanal
0%
India 15477 Pichhor
0%
Chile 19714 Pichidegua
0%
Chile 12776 Pichilemu
0%
India 19656 Pichor
0%
Mexico 15244 Pichucalco
0%
Canada 99186 Pickering
0%
United States 23828 Pickerington
0%
United States 9833 Picnic Point
0%
United States 60821 Pico Rivera
0%
Argentina 20889 Pico Truncado
0%
United States 9665 Picture Rocks
0%
Brazil 18333 Picuí
0%
Philippines 22475 Piddig
0%
Philippines 12475 Pidigan
0%
India 66167 Pidugurālla
0%
Brazil 54717 Piedade
0%
Portugal 19904 Piedade
0%
Colombia 150483 Piedecuesta
0%
Colombia 40733 Pie de Pató
0%
Italy 10158 Piedimonte d’Alife
0%
United States 11012 Piedmont
0%
Dominican Republic 20934 Piedra Blanca
0%
Ecuador 10010 Piedrahita
0%
Spain 9533 Piedras Blancas
0%
Mexico 173959 Piedras Negras
0%
Poland 51876 Piekary Śląskie
0%
Colombia 36225 Piendamó
0%
Spain 17555 Piera
0%
France 10515 Pierre-Bénite
0%
France 33670 Pierrefitte-sur-Seine
0%
France 13909 Pierrelatte
0%
France 10230 Pierrelaye
0%
Slovakia 26668 Piešťany
0%
Italy 22870 Pietrasanta
0%
Italy 11535 Pieve di Soligo
0%
Philippines 52744 Pigcawayan
0%
Eswatini 5750 Piggs Peak
0%
Haiti 29327 Pignon
0%
Argentina 13822 Pigüé
0%
India 36014 Pihānī
0%
India 15315 Pihra
0%
Mexico 11386 Pihuamo
0%
Mexico 18219 Pijijiapan
0%
Colombia 15759 Pijiño del Carmen
0%
Netherlands 27130 Pijnacker
0%
Russia 16883 Pikalëvo
0%
United States 11992 Pike Creek Valley
0%
United States 10103 Pike Road
0%
United States 34253 Pikesville
0%
South Africa 12075 Piketberg
0%
Senegal 764597 Pikine
0%
Philippines 67024 Pikit
0%
India 29348 Pilachikare
0%
India 40590 Pilāni
0%
Brazil 35357 Pilão Arcado
0%
India 16500 Pilāppulli
0%
Argentina 81120 Pilar
0%
Philippines 75793 Pilar
0%
Philippines 47100 Pilar
0%
Philippines 46239 Pilar
0%
Brazil 35370 Pilar
0%
Paraguay 32810 Pilar
0%
Philippines 28693 Pilar
0%
Argentina 14735 Pilar
0%
Philippines 12506 Pilar
0%
Philippines 10374 Pilar
0%
Philippines 10146 Pilar
0%
Spain 23844 Pilar de la Horadada
0%
Brazil 23948 Pilar do Sul
0%
Spain 14105 Pilas
0%
India 41489 Pīleru
0%
India 37288 Pilibangan
0%
India 175000 Pīlibhīt
0%
India 12550 Pilich
0%
India 9156 Pilikōdu
0%
Philippines 71535 Pililla
0%
Hungary 11806 Pilis
0%
Hungary 8560 Piliscsaba
0%
Hungary 14468 Pilisvörösvár
0%
India 8591 Piliv
0%
India 16106 Pilkha
0%
India 83736 Pilkhua
0%
India 21219 Pillaiyārkuppam
0%
India 12092 Pillānallūr
0%
Ecuador 9816 Píllaro
0%
India 8722 Pillutla
0%
Cuba 28752 Pilón
0%
Brazil 8563 Pimenta
0%
Brazil 31752 Pimenta Bueno
0%
Brazil 11341 Pimenteiras
0%
Dominican Republic 17864 Pimentel
0%
India 41559 Pimpalgaon Baswant
0%
India 15234 Pimpalgaon Rājā
0%
India 1729320 Pimpri-Chinchwad
0%
Philippines 18136 Pinabacdao
0%
Philippines 56835 Pinagkaisahan
0%
Mexico 25325 Pinal de Amoles
0%
Philippines 90383 Pinamalayan
0%
Argentina 45000 Pinamar
0%
Philippines 75131 Pinamungahan
0%
Philippines 20221 Piñan
0%
India 16801 Pinarāyi
0%
Turkey 21240 Pınarbaşı
0%
Cuba 188614 Pinar del Río
0%
Ecuador 18482 Piñas
0%
Canada 14751 Pincourt
0%
Poland 10078 Pińczów
0%
Brazil 14731 Pindaí
0%
Brazil 160614 Pindamonhangaba
0%
Brazil 27517 Pindaré-Mirim
0%
Pakistan 29935 Pind Dadan Khan
0%
Pakistan 493222 Pindi Bhattian
0%
Brazil 19083 Pindobaçu
0%
Brazil 14542 Pindorama
0%
Brazil 23391 Pindoretama
0%
India 9675 Pindra
0%
India 24487 Pindwāra
0%
United States 40436 Pine Bluff
0%
United States 10429 Pine Castle
0%
Australia 318 Pine Creek
0%
United States 18138 Pinecrest
0%
United States 10762 Pine Hill
0%
United States 82264 Pine Hills
0%
United States 17992 Pinehurst
0%
United States 9251 Pine Lake Park
0%
United States 10676 Pine Ridge
0%
Italy 35418 Pinerolo
0%
Italy 14571 Pineto
0%
South Africa 144026 Pinetown
0%
United States 14268 Pineville
0%
United States 10780 Pineville
0%
United States 17427 Pinewood
0%
United States 14205 Piney Green
0%
China 57152 Ping’an
0%
China 13870 Ping’anbao
0%
China 11000 Pingcha
0%
China 28800 Pingdeng
0%
China 4904701 Pingdingshan
0%
China 1191348 Pingdu
0%
China 671326 Pinghu
0%
China 1848607 Pingliang
0%
China 399378 Pingquan
0%
United States 10576 Pingree Grove
0%
China 120631 Pingshan
0%
China 36140 Pingshang
0%
China 22120 Pingtan
0%
China 34103 Pingtang
0%
China 24156 Pingtang
0%
China 12955 Pingtiancun
0%
China 10978 Pingtouchuanxiang
0%
Taiwan 193563 Pingtung
0%
China 1804805 Pingxiang
0%
China 78254 Pingyi
0%
China 94291 Pingyuanjie
0%
Taiwan 228000 Pingzhen
0%
Brazil 39816 Pinhal
0%
Portugal 25000 Pinhal Novo
0%
Brazil 21972 Pinhalzinho
0%
Brazil 10986 Pinhalzinho
0%
Brazil 29886 Pinhão
0%
Brazil 24298 Pinheiral
0%
Brazil 68030 Pinheiro
0%
Brazil 11214 Pinheiro Machado
0%
Portugal 9627 Pinhel
0%
Mali 14630 Pinia
0%
Philippines 17626 Pinili
0%
Colombia 24923 Pinillos
0%
India 8635 Pinjranwān
0%
India 12000 Pinneli
0%
United Kingdom 38698 Pinner
0%
United States 18835 Pinole
0%
Spain 9708 Pinos Puente
0%
Mexico 53148 Pinotepa
0%
Indonesia 180000 Pinrang
0%
Brazil 10325 Pintadas
0%
Philippines 10202 Pintuyan
0%
Philippines 34275 Pinukpuk
0%
Philippines 28129 Pinyahan
0%
Philippines 49070 Pio Duran
0%
Brazil 18459 Pio IX
0%
Italy 36061 Pioltello
0%
Italy 32194 Piombino
0%
Italy 9397 Piombino Dese
0%
Russia 12928 Pionerskiy
0%
Poland 16779 Pionki
0%
Italy 18025 Piossasco
0%
Poland 68978 Piotrków Trybunalski
0%
Italy 20004 Piove di Sacco
0%
Brazil 21886 Pio XII
0%
India 10769 Pipalrawān
0%
India 58578 Pipariā
0%
India 11275 Pipariya
0%
India 9639 Piploda
0%
India 9436 Pipra
0%
India 9702 Pipra Dewās
0%
India 11509 Piprāhi
0%
India 9676 Piprai
0%
India 15498 Pipra Latīf
0%
India 10169 Pipra Naurangiā
0%
India 9913 Pipraun
0%
United States 20533 Piqua
0%
Brazil 16616 Piquet Carneiro
0%
Brazil 13575 Piquete
0%
Brazil 26688 Piracaia
0%
Brazil 24883 Piracanjuba
0%
Brazil 423323 Piracicaba
0%
Brazil 74587 Piraçununga
0%
Brazil 28846 Piracuruca
0%
Brazil 27474 Piraí
0%
Brazil 10974 Piraí do Norte
0%
Brazil 21647 Piraí do Sul
0%
Brazil 29664 Piraju
0%
Brazil 22431 Pirajuí
0%
India 29437 Pirakkād
0%
Azerbaijan 13583 Pirallahı
0%
Slovenia 3787 Piran
0%
Argentina 64556 Pirané
0%
Brazil 17018 Piranga
0%
Brazil 11471 Pirangi
0%
Brazil 9120 Piranguinho
0%
India 14174 Pirangut
0%
Brazil 25183 Piranhas
0%
Brazil 11712 Piranhas
0%
Iran 91515 Pīrānshahr
0%
Brazil 17714 Pirapemas
0%
Brazil 11077 Pirapetinga
0%
Brazil 56640 Pirapora
0%
Brazil 17646 Pirapora do Bom Jesus
0%
Brazil 27754 Pirapòzinho
0%
Brazil 118730 Piraquara
0%
Brazil 17504 Piratini
0%
Brazil 10584 Piratininga
0%
Brazil 11610 Piraúba
0%
India 23336 Piravanthūr
0%
Paraguay 17601 Pirayú
0%
India 20000 Pīrbahora
0%
Iran 10851 Pīr Bakrān
0%
Brazil 26690 Pirenópolis
0%
Brazil 32373 Pires do Rio
0%
Brazil 10606 Pires Ferreira
0%
Uruguay 8830 Piriápolis
0%
Brazil 9152 Piripá
0%
Brazil 17566 Piritiba
0%
Venezuela 23248 Píritu
0%
India 16685 Piriyāpatna
0%
India 11377 Pīr Maker
0%
India 22130 Pīrmed
0%
India 12712 Pīrnagar
0%
India 80000 Piro
0%
India 8613 Pirojgarh
0%
Bangladesh 60056 Pirojpur
0%
Serbia 49601 Pirot
0%
Brazil 9340 Pirpirituba
0%
Chile 16565 Pirque
0%
India 42883 Pirthīpur
0%
Indonesia 16368 Piru
0%
India 9261 Piru
0%
Peru 9796 Pisac
0%
Mexico 17214 Pisaflores
0%
United States 60632 Piscataway
0%
Peru 109965 Pisco
0%
Czechia 30986 Písek
0%
Pakistan 107646 Pishin
0%
Uzbekistan 34900 Piskent
0%
Bolivia 72 Piso Firme
0%
Burkina Faso 23420 Pissila
0%
Italy 16708 Pisticci
0%
Italy 89309 Pistoia
0%
Poland 18245 Pisz
0%
Costa Rica 17318 Pital
0%
Colombia 12246 Pital
0%
Colombia 133205 Pitalito
0%
Brazil 33567 Pitanga
0%
Brazil 38211 Pitangueiras
0%
Brazil 26685 Pitangui
0%
Romania 141275 Piteşti
0%
India 126099 Pithampur
0%
India 54859 Pithāpuram
0%
India 9822 Pithaura
0%
France 8981 Pithiviers
0%
India 56044 Pithorāgarh
0%
Brazil 19275 Pitimbu
0%
India 13631 Pitlam
0%
United States 8834 Pitman
0%
Cameroon 28636 Pitoa
0%
Philippines 27516 Pitogo
0%
Philippines 23625 Pitogo
0%
Philippines 22798 Pitogo
0%
Taiwan 29314 Pitou
0%
Chile 21981 Pitrufquén
0%
United Kingdom 25161 Pitsea
0%
Lesotho 18948 Pitseng
0%
India 12036 Pittalavānipālem
0%
Canada 19146 Pitt Meadows
0%
United States 30402 Pittsford
0%
United States 8803 Pittsgrove
0%
Brazil 36062 Piuí
0%
Peru 473025 Piura
0%
Colombia 33225 Pivijay
0%
Slovenia 2059 Pivka
0%
Ukraine 9024 Pivnichne
0%
Spain 10177 Pizarra
0%
Colombia 18561 Pizarro
0%
China 1458038 Pizhou
0%
Italy 8766 Pizzo
0%
France 8633 Plabennec
0%
United States 52384 Placentia
0%
Philippines 56340 Placer
0%
Philippines 29616 Placer
0%
United States 10730 Placerville
0%
Cuba 71208 Placetas
0%
India 28970 Plachēri
0%
Brazil 16560 Plácido de Castro
0%
Chile 39344 Placilla de Peñuelas
0%
United States 8930 Plainedge
0%
Haiti 28544 Plaine du Nord
0%
Mauritius 10443 Plaine Magnien
0%
United States 54515 Plainfield
0%
United States 45705 Plainfield
0%
United States 35783 Plainfield
0%
United States 23954 Plainsboro
0%
Philippines 26557 Plainview
0%
United States 26251 Plainview
0%
United States 19893 Plainview
0%
United States 9872 Plainville
0%
Haiti 50367 Plaisance
0%
France 20471 Plaisance-du-Touch
0%
France 31971 Plaisir
0%
Colombia 30117 Planadas
0%
Brazil 105031 Planaltina
0%
Brazil 10406 Planalto
0%
France 11504 Plan-de-Cuques
0%
Serbia 3832 Plandište
0%
Germany 11088 Planegg
0%
Colombia 69285 Planeta Rica
0%
Liechtenstein 478 Planken
0%
Germany 10611 Plankstadt
0%
Switzerland 10656 Plan-les-Ouates
0%
United States 94002 Plantation
0%
United States 40009 Plant City
0%
Brazil 11145 Planura
0%
Philippines 114432 Plaridel
0%
Philippines 39840 Plaridel
0%
Philippines 10129 Plaridel
0%
Spain 39829 Plasencia
0%
North Macedonia 1584 Plasnica
0%
Russia 18243 Plast
0%
Colombia 61856 Plato
0%
Mexico 10009 Platón Sánchez
0%
United States 10432 Plattekill
0%
United States 11421 Platteville
0%
Germany 14227 Plattling
0%
United States 19878 Plattsburgh
0%
Montenegro 13805 Plav
0%
Russia 16893 Plavsk
0%
Spain 8803 Playa de Aro
0%
Mexico 304942 Playa del Carmen
0%
Guatemala 12710 Playa Grande
0%
Mexico 100660 Playas de Rosarito
0%
Mexico 39205 Playa Vicente
0%
Argentina 15887 Plaza Huincul
0%
United States 37544 Pleasant Grove
0%
United States 9502 Pleasant Grove
0%
United States 34335 Pleasant Hill
0%
United States 10796 Pleasant Hill
0%
United States 8853 Pleasant Hill
0%
United States 77500 Pleasanton
0%
United States 10854 Pleasanton
0%
United States 21515 Pleasant Prairie
0%
United States 9790 Pleasant Valley
0%
United States 11104 Pleasant View
0%
United States 20604 Pleasantville
0%
Vietnam 146073 Pleiku
0%
France 14527 Plérin
0%
Poland 16641 Pleszew
0%
Croatia 9138 Pleternica
0%
Germany 24788 Plettenberg
0%
South Africa 64108 Plettenberg Bay
0%
Poland 14160 Plewiska
0%
Germany 9853 Pliezhausen
0%
Montenegro 19136 Pljevlja
0%
Germany 14590 Plochingen
0%
Poland 112483 Płock
0%
France 18873 Ploemeur
0%
France 10021 Ploërmel
0%
Romania 180539 Ploieşti
0%
Belgium 10401 Plombières
0%
Germany 8919 Plön
0%
Poland 21800 Płońsk
0%
Argentina 52190 Plottier
0%
France 11347 Ploufragan
0%
France 13431 Plougastel-Daoulas
0%
France 13437 Plouzané
0%
United States 13713 Plover
0%
Germany 9841 Plüderhausen
0%
United Kingdom 16736 Plumstead
0%
United States 14063 Plumstead
0%
Zimbabwe 14459 Plumtree
0%
Lithuania 17385 Plungė
0%
Montenegro 1102 Plužine
0%
United Kingdom 29899 Plympton
0%
United Kingdom 24103 Plymstock
0%
Costa Rica 29199 Poás
0%
Benin 123740 Pobé
0%
Poland 9755 Pobiedziska
0%
Philippines 153197 Poblacion
0%
Philippines 120115 Poblacion
0%
Philippines 79739 Poblacion
0%
Philippines 70595 Poblacion
0%
Philippines 55874 Poblacion
0%
Philippines 39631 Poblacion
0%
Philippines 24800 Poblacion
0%
Brazil 10500 Poção
0%
Brazil 17161 Poção de Pedras
0%
United States 76370 Pocatello
0%
India 15704 Pochampalli
0%
India 21946 Pochāram
0%
Korea, South 163388 Pocheon
0%
Russia 14991 Pochëp
0%
Guatemala 112139 Pochuta
0%
Brazil 17469 Pocinhos
0%
Germany 16509 Pocking
0%
United Kingdom 10121 Pocklington
0%
Brazil 12390 Poço Branco
0%
Brazil 14493 Poço das Trincheiras
0%
Brazil 46879 Poções
0%
Brazil 15148 Poço Fundo
0%
Brazil 31217 Poconé
0%
United States 10889 Pocono
0%
Brazil 33439 Poço Redondo
0%
Brazil 163742 Poços de Caldas
0%
Brazil 21794 Poço Verde
0%
India 16662 Podalakūr
0%
India 24703 Podatūrpeta
0%
Slovenia 578 Podčetrtek
0%
Czechia 15156 Poděbrady
0%
Italy 9041 Podenzano
0%
Poland 34045 Podgórze
0%
India 31145 Podili
0%
Ukraine 39220 Podilsk
0%
Russia 10 Podkamennaya Tunguska
0%
Slovenia 378 Podlehnik
0%
Russia 312911 Podolsk
0%
Russia 15512 Podporozhye
0%
Russia 15455 Podstepki
0%
Croatia 10403 Podstrana
0%
Romania 8992 Podu Iloaiei
0%
Kosovo 88499 Podujevë
0%
Slovenia 299 Podvelka
0%
South Africa 3287 Pofadder
0%
Italy 28209 Poggibonsi
0%
Italy 9863 Poggio a Caiano
0%
Italy 22216 Poggiomarino
0%
Italy 9709 Poggio Renatico
0%
Albania 20848 Pogradec
0%
India 19311 Pohādi
0%
India 17313 Pohādi
0%
Ukraine 9209 Pohrebyshche
0%
Romania 9047 Poiana Mare
0%
Romania 9291 Poienile de sub Munte
0%
United States 71665 Poinciana
0%
Germany 16666 Poing
0%
Guadeloupe 250952 Pointe-à-Pitre
0%
Haiti 22886 Pointe à Raquettes
0%
Canada 33488 Pointe-Claire
0%
Congo (Brazzaville) 1420612 Pointe-Noire
0%
Trinidad and Tobago 29579 Point Fortin
0%
Sri Lanka 31351 Point Pedro
0%
United States 19158 Point Pleasant
0%
Italy 10183 Poirino
0%
France 40792 Poissy
0%
France 9032 Poisy
0%
France 89472 Poitiers
0%
Brazil 32129 Pojuca
0%
Brazil 26203 Pojuca
0%
India 19186 Pokaran
0%
Nepal 353841 Pokhara
0%
India 8694 Pokhraira
0%
India 28861 Pokhrām
0%
India 22550 Pokhuria
0%
Russia 27333 Pokhvistnevo
0%
Congo (Kinshasa) 11253 Poko
0%
Ukraine 9121 Pokotylivka
0%
Ukraine 37493 Pokrov
0%
Russia 17747 Pokrov
0%
Russia 8687 Pokrovka
0%
Kyrgyzstan 8522 Pokrovka
0%
Russia 11991 Pokrovsk
0%
Ukraine 9489 Pokrovske
0%
Russia 11842 Pokrovskoye
0%
Spain 12284 Pola de Laviana
0%
Spain 10259 Pola de Lena
0%
Spain 52593 Pola de Siero
0%
India 14322 Polāia Kalān
0%
India 8878 Polakala
0%
Philippines 42265 Polanco
0%
Philippines 89176 Polangui
0%
India 12274 Polās
0%
India 25829 Polasara
0%
Turkey 128378 Polatlı
0%
Belarus 79579 Polatsk
0%
India 13861 Polavaram
0%
Iran 11472 Poldasht
0%
Iran 26352 Poldokhtar
0%
United Kingdom 9341 Polegate
0%
Russia 54364 Polevskoy
0%
Poland 30623 Police
0%
Czechia 8939 Polička
0%
Italy 17832 Policoro
0%
Italy 17531 Polignano a Mare
0%
Philippines 31908 Polillo
0%
Spain 8555 Polinyá
0%
Italy 9908 Polistena
0%
Slovenia 1118 Poljčane
0%
Poland 21786 Polkowice
0%
India 90180 Pollāchi
0%
Spain 17594 Pollensa
0%
United Kingdom 14295 Pollokshaws
0%
Ukraine 18111 Polohy
0%
South Africa 130028 Polokwane
0%
Philippines 172605 Polomolok
0%
Ukraine 23211 Polonne
0%
Colombia 19454 Polonuevo
0%
El Salvador 9701 Polorós
0%
Mexico 13851 Polotitlán de la Ilustración
0%
India 13885 Polukallu
0%
India 55000 Polūr
0%
Estonia 5535 Põlva
0%
Russia 12154 Polyarnyy
0%
Russia 11409 Polyarnyye Zori
0%
Greece 21351 Polýgyros
0%
Greece 11338 Polýkastro
0%
Russia 25631 Polysayevo
0%
Slovenia 2351 Polzela
0%
Hungary 18410 Pomáz
0%
Portugal 55217 Pombal
0%
Brazil 32473 Pombal
0%
Cabo Verde 1184 Pombas
0%
Brazil 27552 Pombos
0%
Brazil 22127 Pomerode
0%
Italy 64119 Pomezia
0%
United States 12956 Pomfret
0%
Ukraine 8608 Pomichna
0%
Italy 39705 Pomigliano d’Arco
0%
Bulgaria 14856 Pomorie
0%
Brazil 20196 Pompéia
0%
Brazil 31047 Pompeu
0%
United States 11010 Pompton Lakes
0%
United States 10766 Pompton Plains
0%
United States 24377 Ponca City
0%
Puerto Rico 114940 Ponce
0%
India 23381 Ponda
0%
India 9678 Pondalūru
0%
United Kingdom 15664 Ponders End
0%
Indonesia 295812 Pondokaren
0%
India 12640 Pondūru
0%
Colombia 18430 Ponedera
0%
Spain 63747 Ponferrada
0%
India 11136 Pongalūr
0%
Korea, South 67694 Pongnam
0%
Thailand 9210 Pong Nam Ron
0%
India 11626 Pongode
0%
Philippines 90786 Pongotan
0%
Tajikistan 28352 Pongoz
0%
Poland 8517 Poniatowa
0%
India 8531 Poninguinim
0%
India 28795 Ponmala
0%
India 29008 Ponmana
0%
India 17793 Ponmana
0%
India 23173 Ponmundam
0%
India 8974 Ponnāda
0%
Burma 129753 Ponnagyun
0%
India 12394 Ponnai
0%
India 15544 Ponnamarāvati
0%
India 14071 Ponnampatti
0%
India 10659 Ponnampatti
0%
India 90491 Ponnāni
0%
India 41643 Ponneri
0%
India 9401 Ponneri
0%
India 59913 Ponnūru
0%
Philippines 28881 Ponot
0%
Italy 15594 Ponsacco
0%
Belgium 17287 Pont-à-Celles
0%
Portugal 68809 Ponta Delgada
0%
Brazil 24984 Ponta de Pedras
0%
Portugal 8862 Ponta do Sol
0%
Cabo Verde 4738 Ponta do Sol
0%
Brazil 273616 Ponta Grossa
0%
Brazil 50852 Pontal
0%
Brazil 30425 Pontal do Paraná
0%
Brazil 18309 Pontalina
0%
France 14383 Pont-à-Mousson
0%
Brazil 93937 Ponta Porã
0%
United Kingdom 9073 Pontardulais
0%
France 17928 Pontarlier
0%
Italy 20198 Pontassieve
0%
France 11249 Pontchâteau
0%
France 12422 Pont-du-Château
0%
Italy 8717 Ponte Buggianese
0%
Italy 12333 Pontecorvo
0%
Portugal 12061 Ponte da Barca
0%
Portugal 43498 Ponte de Lima
0%
Italy 29393 Pontedera
0%
Portugal 16722 Ponte de Sôr
0%
United Kingdom 11671 Ponteland
0%
Brazil 57390 Ponte Nova
0%
Italy 13296 Ponte San Giovanni
0%
Italy 11660 Ponte San Pietro
0%
Brazil 52018 Pontes e Lacerda
0%
Brazil 10649 Ponte Serrada
0%
Spain 83077 Pontevedra
0%
Philippines 54502 Pontevedra
0%
Philippines 49725 Pontevedra
0%
Indonesia 680880 Pontianak
0%
Portugal 24023 Pontinha
0%
Italy 15046 Pontinia
0%
France 14547 Pontivy
0%
Brazil 14819 Ponto Novo
0%
Canada 8723 Pont-Rouge
0%
France 12343 Pont-Sainte-Maxence
0%
France 10759 Pont-Saint-Esprit
0%
Haiti 10000 Pont Sondé
0%
United Kingdom 31206 Pontypridd
0%
United Kingdom 29062 Pont-y-pŵl
0%
United States 27235 Pooler
0%
India 56237 Poonamallee
0%
Philippines 29183 Poona-Piagapo
0%
Colombia 300837 Popayán
0%
Belgium 19782 Poperinge
0%
Romania 53434 Popeşti-Leordeni
0%
United States 16243 Poplar Bluff
0%
Papua New Guinea 65000 Popondetta
0%
Croatia 10255 Popovača
0%
Bulgaria 14940 Popovo
0%
Slovakia 49855 Poprad
0%
Guatemala 69437 Poptún
0%
United States 12556 Poquoson
0%
Philippines 140751 Porac
0%
Brazil 12065 Poranga
0%
Brazil 10067 Porangaba
0%
Brazil 45633 Porangatu
0%
India 25545 Poranki
0%
India 152760 Porbandar
0%
Italy 8788 Porcari
0%
Italy 14971 Porcia
0%
Brazil 17288 Porciúncula
0%
Italy 51725 Pordenone
0%
Croatia 16607 Poreč
0%
Brazil 11624 Porecatu
0%
New Zealand 55218 Porirua
0%
Faroe Islands 297 Porkeri
0%
Venezuela 144830 Porlamar
0%
France 18382 Pornic
0%
France 12530 Pornichet
0%
Philippines 26232 Poro
0%
Russia 15953 Poronaysk
0%
India 43695 Porsa
0%
Norway 37056 Porsgrunn
0%
Bolivia 16408 Portachuelo
0%
United States 49015 Portage
0%
United States 37951 Portage
0%
United States 10374 Portage
0%
Canada 13270 Portage La Prairie
0%
Canada 21711 Port Alberni
0%
Portugal 24930 Portalegre
0%
United States 12023 Portales
0%
South Africa 25859 Port Alfred
0%
Canada 13350 Port-Alfred
0%
United States 20087 Port Angeles
0%
Jamaica 14816 Port Antonio
0%
Brazil 24657 Portão
0%
Haiti 17207 Port-à-Piment
0%
United States 114860 Port Arthur
0%
Australia 6562 Port Augusta
0%
Germany 36300 Porta Westfalica
0%
India 140572 Port Blair
0%
Côte d’Ivoire 618795 Port-Bouët
0%
United States 64971 Port Charlotte
0%
United States 31162 Port Chester
0%
United Kingdom 17789 Portchester
0%
Canada 20033 Port Colborne
0%
Canada 61498 Port Coquitlam
0%
France 16138 Port-de-Bouc
0%
Australia 1410 Port Denison
0%
Haiti 121220 Port-de-Paix
0%
Malaysia 119300 Port Dickson
0%
Australia 3504 Port Douglas
0%
Brazil 17050 Porteiras
0%
Brazil 37438 Porteirinha
0%
Portugal 11809 Portela
0%
Canada 9619 Port Elgin
0%
France 10369 Portes-lès-Valence
0%
France 9798 Portet-sur-Garonne
0%
Gabon 136462 Port-Gentil
0%
United Kingdom 14620 Port Glasgow
0%
United Kingdom 15640 Porthcawl
0%
Australia 4081 Port Hedland
0%
Canada 17294 Port Hope
0%
United States 21691 Port Hueneme
0%
United States 85051 Port Huron
0%
Italy 52054 Portici
0%
United Kingdom 26305 Portishead
0%
United States 8709 Port Jervis
0%
Ireland 23494 Port Laoise
0%
United States 11410 Port Lavaca
0%
United Kingdom 9090 Portlethen
0%
Australia 14120 Port Lincoln
0%
Sierra Leone 44900 Port Loko
0%
Australia 44830 Port Macquarie
0%
Haiti 36937 Port-Margot
0%
Jamaica 7906 Port Maria
0%
Canada 33535 Port Moody
0%
Jamaica 11536 Port Morant
0%
United States 13627 Port Neches
0%
Brazil 16693 Pôrto Acre
0%
Brazil 8623 Porto Alegre do Norte
0%
Angola 55494 Porto Alexandre
0%
Angola 137000 Porto Amboim
0%
Brazil 27688 Porto Belo
0%
Brazil 27288 Porto Calvo
0%
Brazil 26576 Porto da Folha
0%
Portugal 24342 Porto de Mós
0%
Brazil 40597 Pôrto de Moz
0%
Brazil 9295 Porto de Pedras
0%
Italy 15600 Porto Empedocle
0%
Brazil 10204 Pôrto Esperidião
0%
Brazil 56497 Porto Feliz
0%
Italy 11797 Portoferraio
0%
Brazil 52649 Pôrto Ferreira
0%
Brazil 10569 Pôrto Firme
0%
Brazil 23903 Porto Franco
0%
Brazil 17848 Pôrto Grande
0%
Italy 24314 Portogruaro
0%
Cabo Verde 3056 Porto Inglês
0%
Italy 11780 Portomaggiore
0%
Brazil 12859 Pôrto Murtinho
0%
Brazil 64418 Porto Nacional
0%
United States 63818 Port Orange
0%
United States 16398 Port Orchard
0%
Brazil 20373 Porto Real
0%
Brazil 18355 Porto Real do Colégio
0%
Italy 12356 Porto Recanati
0%
Italy 15618 Porto San Giorgio
0%
Italy 25600 Porto Sant’Elpidio
0%
Italy 8810 Porto Santo Stefano
0%
Brazil 95721 Pôrto Seguro
0%
Italy 9031 Porto Tolle
0%
Italy 21029 Porto Torres
0%
Brazil 32970 Pôrto União
0%
Brazil 12241 Porto Valter
0%
France 11536 Porto-Vecchio
0%
Ecuador 244129 Portoviejo
0%
Brazil 9938 Pôrto Xavier
0%
Canada 9553 Port Perry
0%
Australia 176 Port Pirie
0%
United States 15047 Port Royal
0%
South Africa 6441 Port Saint John’s
0%
France 8510 Port-Saint-Louis-du-Rhône
0%
United States 10957 Port Salerno
0%
South Africa 35633 Port Shepstone
0%
United States 24617 Port St. John
0%
Sudan 579942 Port Sudan
0%
United Kingdom 37276 Port Talbot
0%
United States 10290 Port Townsend
0%
Spain 44766 Portugalete
0%
Kenya 12194 Port Victoria
0%
United States 17613 Port Washington
0%
United States 12569 Port Washington
0%
United States 11997 Port Wentworth
0%
India 16201 Porumāmilla
0%
India 38179 Porur
0%
India 27689 Poruvakara
0%
Argentina 275988 Posadas
0%
Tajikistan 19746 Poshkent
0%
Indonesia 47477 Poso
0%
Nicaragua 16771 Posoltega
0%
Germany 11858 Pößneck
0%
United States 41716 Post Falls
0%
South Africa 30089 Postmasburg
0%
Slovenia 9605 Postojna
0%
Bosnia and Herzegovina 20477 Posušje
0%
India 8903 Potangal
0%
India 10130 Potavaram
0%
South Africa 43448 Potchefstroom
0%
Brazil 13666 Poté
0%
United States 8903 Poteau
0%
Brazil 8833 Potengi
0%
Italy 64406 Potenza
0%
Italy 15402 Potenza Picena
0%
India 11411 Pothia
0%
Sri Lanka 30315 Pothuhera
0%
Georgia 41500 Poti
0%
Brazil 10274 Potiraguá
0%
Brazil 18496 Potirendaba
0%
Nigeria 86002 Potiskum
0%
United States 46230 Potomac
0%
United States 10634 Potomac Park
0%
Bolivia 267907 Potosí
0%
Nicaragua 11094 Potosí
0%
Colombia 10186 Potosí
0%
Philippines 78298 Pototan
0%
Honduras 26954 Potrerillos
0%
India 19309 Pottanikād
0%
India 18120 Pottanūr
0%
India 17100 Pottasshēri
0%
United Kingdom 22536 Potters Bar
0%
India 10833 Pottipuram
0%
India 10945 Pottireddippatti
0%
United States 13374 Pottsville
0%
India 11169 Potukonda
0%
India 10224 Potunūru
0%
United States 307738 Poughkeepsie
0%
United States 11962 Poulsbo
0%
United Kingdom 18115 Poulton le Fylde
0%
Brazil 152549 Pouso Alegre
0%
Brazil 12203 Pouso Redondo
0%
Burkina Faso 99950 Pouytenga
0%
Slovakia 37706 Považská Bystrica
0%
Portugal 21886 Póvoa de Lanhoso
0%
Portugal 29348 Póvoa de Santa Iria
0%
Portugal 64320 Póvoa de Varzim
0%
Russia 16417 Povorino
0%
United States 48515 Poway
0%
United States 17414 Powder Springs
0%
United States 11321 Powdersville
0%
United States 14229 Powell
0%
United States 13544 Powell
0%
Canada 13943 Powell River
0%
Brazil 23283 Poxoréo
0%
United Kingdom 14260 Poynton
0%
Spain 17425 Poyo
0%
Uzbekistan 26000 Poytug‘
0%
Turkey 19852 Pozantı
0%
Serbia 68648 Požarevac
0%
Mexico 189457 Poza Rica de Hidalgo
0%
Croatia 22294 Požega
0%
Serbia 26000 Požega
0%
Taiwan 41043 Pozi
0%
Chile 9277 Pozo Almonte
0%
Spain 16946 Pozoblanco
0%
Paraguay 2135 Pozo Colorado
0%
Philippines 74729 Pozorrubio
0%
Costa Rica 15585 Pozos
0%
Italy 18879 Pozzallo
0%
Italy 76331 Pozzuoli
0%
India 9109 Prabhāt Pattan
0%
Indonesia 188082 Prabumulih
0%
Czechia 11250 Prachatice
0%
Thailand 25157 Prachin Buri
0%
Thailand 26926 Prachuap Khiri Khan
0%
Colombia 57990 Pradera
0%
Brazil 35003 Prado
0%
Brazil 19814 Pradópolis
0%
Brazil 9048 Prados
0%
India 10755 Pragadavaram
0%
Nepal 11771 Pragatinagar
0%
Portugal 21035 Praia da Vitória
0%
Portugal 9987 Praia do Carvoeiro
0%
Brazil 349935 Praia Grande
0%
Brazil 27301 Prainha
0%
United States 12054 Prairie Ridge
0%
United States 22937 Prairie Village
0%
United States 35010 Prairieville
0%
Thailand 10404 Prakhon Chai
0%
Thailand 16851 Pran Buri
0%
India 161279 Prāntij
0%
Brazil 28342 Prata
0%
India 11406 Pratāparāmpuram
0%
India 42079 Pratāpgarh
0%
Italy 195736 Prato
0%
Switzerland 16621 Pratteln
0%
India 13279 Prattipādu
0%
India 11876 Prattipādu
0%
United States 38850 Prattville
0%
Indonesia 35183 Praya
0%
India 5954391 Prayagraj
0%
Cambodia 24360 Preah Vihear
0%
United States 18538 Preakness
0%
Slovenia 1605 Prebold
0%
Slovenia 835 Preddvor
0%
Germany 16186 Preetz
0%
Italy 16737 Preganziol
0%
Latvia 5841 Preiļi
0%
Czechia 10137 Přelouč
0%
Spain 28951 Premiá de Mar
0%
India 11830 Premnagar
0%
Germany 19022 Prenzlau
0%
Czechia 41661 Přerov
0%
United Kingdom 12800 Prescot
0%
United States 46744 Prescott
0%
United States 96190 Prescott Valley
0%
Serbia 34000 Preševo
0%
Argentina 12231 Presidencia de la Plaza
0%
Argentina 101086 Presidencia Roque Sáenz Peña
0%
Brazil 13568 Presidente Bernardes
0%
Brazil 45155 Presidente Dutra
0%
Brazil 43535 Presidente Epitácio
0%
Brazil 30668 Presidente Figueiredo
0%
Paraguay 104677 Presidente Franco
0%
Brazil 20010 Presidente Getúlio
0%
Brazil 12621 Presidente Jânio Quadros
0%
Brazil 13696 Presidente Kennedy
0%
Brazil 19327 Presidente Médici
0%
Brazil 18765 Presidente Olegário
0%
Brazil 225668 Presidente Prudente
0%
Brazil 10483 Presidente Vargas
0%
Brazil 39407 Presidente Venceslau
0%
Philippines 42244 President Quirino
0%
Philippines 52512 President Roxas
0%
Philippines 31269 President Roxas
0%
Slovakia 84824 Prešov
0%
United States 8736 Presque Isle
0%
United Kingdom 18890 Prestatyn
0%
Ghana 35760 Prestea
0%
United Kingdom 10410 Prestonpans
0%
United Kingdom 31500 Prestwich
0%
United Kingdom 14720 Prestwick
0%
South Africa 12972 Pretoria-Noord
0%
Germany 12456 Preußisch Oldendorf
0%
Slovenia 4620 Prevalje
0%
Greece 14421 Préveza
0%
Canada 12171 Prévost
0%
Cambodia 36254 Prey Veng
0%
Serbia 27000 Priboj
0%
Czechia 32992 Příbram
0%
United States 19121 Prichard
0%
Spain 21826 Priego de Córdoba
0%
Lithuania 8894 Prienai
0%
South Africa 14246 Prieska
0%
Philippines 22644 Prieto Diaz
0%
Slovakia 45017 Prievidza
0%
Bosnia and Herzegovina 89397 Prijedor
0%
Serbia 37059 Prijepolje
0%
North Macedonia 63308 Prilep
0%
Switzerland 12399 Prilly
0%
Brazil 13838 Primavera
0%
Brazil 9718 Primavera
0%
Brazil 13614 Primeira Cruz
0%
Brazil 10082 Primeiro de Maio
0%
Cuba 29117 Primero de Enero
0%
Russia 32257 Primorsko-Akhtarsk
0%
South Africa 14024 Primrose
0%
Canada 37756 Prince Albert
0%
Canada 76708 Prince George
0%
Canada 12300 Prince Rupert
0%
Brazil 21114 Princesa Isabel
0%
Trinidad and Tobago 28335 Princes Town
0%
United States 15382 Princeton Meadows
0%
Brazil 956 Príncipe da Beira
0%
United States 11187 Prineville
0%
Nicaragua 46730 Prinzapolka
0%
Italy 11249 Priolo Gargallo
0%
United States 27832 Prior Lake
0%
Russia 18235 Priozërsk
0%
Germany 11736 Pritzwalk
0%
France 8552 Privas
0%
Italy 13735 Priverno
0%
Russia 14332 Privolzhsk
0%
North Macedonia 10826 Probištip
0%
Indonesia 223159 Probolinggo
0%
Italy 10092 Procida
0%
India 163970 Proddatūr
0%
Argentina 20670 Profesor Salvador Mazza
0%
Belgium 12204 Profondeville
0%
Mexico 37369 Progreso
0%
Uruguay 16244 Progreso
0%
Mexico 12557 Progreso
0%
United States 11143 Progress
0%
Russia 146 Progress
0%
United States 10378 Progress Village
0%
Philippines 15255 Project Six
0%
Russia 60023 Prokhladnyy
0%
Russia 172618 Prokopyevsk
0%
Serbia 38054 Prokuplje
0%
Russia 18983 Proletarsk
0%
Brazil 40828 Promissão
0%
Philippines 42671 Proper Bansud
0%
Brazil 26618 Propriá
0%
Australia 3440 Proserpine
0%
United States 15681 Prospect Heights
0%
United States 34567 Prosper
0%
Philippines 88321 Prosperidad
0%
Czechia 43563 Prostějov
0%
Russia 37221 Protvino
0%
Bulgaria 12129 Provadia
0%
Russia 2536 Provideniya
0%
France 11824 Provins
0%
Brazil 11466 Prudente de Morais
0%
Brazil 49393 Prudentópolis
0%
United Kingdom 11646 Prudhoe
0%
Poland 19747 Prudnik
0%
United States 19286 Prunedale
0%
Poland 31582 Pruszcz Gdański
0%
Poland 65283 Pruszków
0%
Belarus 18994 Pruzhany
0%
Ukraine 51637 Pryluky
0%
Ukraine 11157 Prymorsk
0%
Ukraine 12560 Prymorskyi
0%
United States 9520 Pryor Creek
0%
Poland 16662 Przasnysz
0%
Poland 58408 Przemyśl
0%
Poland 14881 Przeworsk
0%
Russia 189315 Pskov
0%
Greece 9595 Psychikó
0%
Poland 25565 Pszczyna
0%
Greece 32127 Ptolemaḯda
0%
Slovenia 17880 Ptuj
0%
Philippines 14526 Pualas
0%
Peru 326040 Pucallpa
0%
Peru 10 Puca Urco
0%
Germany 21410 Puchheim
0%
Slovakia 17068 Púchov
0%
Romania 12953 Pucioasa
0%
Poland 10868 Puck
0%
Chile 28923 Pucón
0%
Slovenia 633 Puconci
0%
India 9912 Pūdimadaka
0%
China 5187200 Pudong
0%
United Kingdom 25393 Pudsey
0%
Philippines 15491 Pudtol
0%
India 16406 Pudu
0%
India 225500 Pudukkottai
0%
India 9210 Pudukkottai
0%
India 17892 Pudunagaram
0%
India 10032 Puduparambubhāgam
0%
India 20897 Pudupattanam
0%
India 20390 Puduppalli Kunnam
0%
India 9584 Puduppattanam
0%
India 15727 Puduppatti
0%
India 10368 Puduppatti
0%
India 14665 Pudur
0%
India 11956 Pudūr
0%
India 12660 Pūdūru
0%
India 23717 Puduva
0%
India 12216 Puduvayal
0%
Colombia 27007 Pueblo Bello
0%
Mexico 21807 Pueblo Juárez
0%
Colombia 41684 Pueblo Nuevo
0%
Nicaragua 20620 Pueblo Nuevo
0%
Mexico 12805 Pueblo Nuevo
0%
Guatemala 11702 Pueblo Nuevo
0%
Guatemala 29418 Pueblo Nuevo Viñas
0%
Colombia 12423 Pueblo Rico
0%
Colombia 8664 Pueblorrico
0%
Dominican Republic 11235 Pueblo Viejo
0%
Mexico 9682 Pueblo Viejo
0%
Colombia 33030 Puebloviejo
0%
United States 34992 Pueblo West
0%
Chile 573935 Puente Alto
0%
Spain 23196 Puenteareas
0%
Costa Rica 10556 Puente de Piedra
0%
Spain 29844 Puente-Genil
0%
Mexico 22454 Puente Nacional
0%
Colombia 11718 Puente Nacional
0%
Bolivia 1123 Puerto Acosta
0%
Bolivia 10000 Puerto America
0%
Panama 19763 Puerto Armuelles
0%
Colombia 63067 Puerto Asís
0%
Venezuela 80000 Puerto Ayacucho
0%
Ecuador 12696 Puerto Ayora
0%
Chile 17441 Puerto Aysén
0%
Ecuador 7290 Puerto Baquerizo Moreno
0%
Guatemala 110846 Puerto Barrios
0%
Colombia 39314 Puerto Berrío
0%
Colombia 56930 Puerto Boyacá
0%
Venezuela 209080 Puerto Cabello
0%
Colombia 11122 Puerto Caicedo
0%
Panama 16951 Puerto Caimito
0%
Colombia 16763 Puerto Carreño
0%
Paraguay 5000 Puerto Casado
0%
Colombia 42803 Puerto Colombia
0%
Colombia 23131 Puerto Concordia
0%
Honduras 122426 Puerto Cortés
0%
Venezuela 33166 Puerto Cumarebo
0%
Spain 31377 Puerto de la Cruz
0%
Spain 44638 Puerto del Rosario
0%
Argentina 14183 Puerto Deseado
0%
El Salvador 16584 Puerto El Triunfo
0%
Colombia 32745 Puerto Escondido
0%
Mexico 25902 Puerto Escondido
0%
Ecuador 51281 Puerto Francisco de Orellana
0%
Colombia 41513 Puerto Gaitán
0%
Philippines 41961 Puerto Galera
0%
Colombia 24355 Puerto Guzmán
0%
Colombia 17495 Puerto Guzmán
0%
Bolivia 10 Puerto Heath
0%
Argentina 82227 Puerto Iguazú
0%
Costa Rica 12836 Puerto Jiménez
0%
Venezuela 454312 Puerto La Cruz
0%
Colombia 28468 Puerto Leguízamo
0%
Honduras 47528 Puerto Lempira
0%
Colombia 53990 Puerto Libertador
0%
Costa Rica 637 Puerto Limón
0%
Spain 45195 Puertollano
0%
Colombia 8982 Puerto Lleras
0%
Colombia 35097 Puerto López
0%
Ecuador 12598 Puerto López
0%
Argentina 115353 Puerto Madryn
0%
Peru 85024 Puerto Maldonado
0%
Chile 169736 Puerto Montt
0%
Nicaragua 13328 Puerto Morazán
0%
Mexico 19205 Puerto Morelos
0%
Colombia 12161 Puerto Nare
0%
Colombia 9744 Puerto Nariño
0%
Chile 21477 Puerto Natales
0%
Chile 8999 Puerto Octay
0%
Cuba 90218 Puerto Padre
0%
Mexico 62301 Puerto Peñasco
0%
Panama 16517 Puerto Pilón
0%
Peru 15552 Puerto Pimentel
0%
Paraguay 500 Puerto Pinasco
0%
Venezuela 11000 Puerto Píritu
0%
Dominican Republic 318419 Puerto Plata
0%
Philippines 307079 Puerto Princesa
0%
Bolivia 10392 Puerto Quijarro
0%
Ecuador 20445 Puerto Quito
0%
Spain 42151 Puerto Real
0%
Colombia 15019 Puerto Salgar
0%
Guatemala 68331 Puerto San José
0%
Argentina 13243 Puerto San Martín
0%
Colombia 10249 Puerto Santander
0%
Bolivia 11564 Puerto Suárez
0%
Colombia 46166 Puerto Tejada
0%
Argentina 9763 Puerto Tirol
0%
Colombia 21745 Puerto Triunfo
0%
Mexico 224166 Puerto Vallarta
0%
Chile 26172 Puerto Varas
0%
Costa Rica 20184 Puerto Viejo
0%
Ecuador 2200 Puerto Villamil
0%
Bolivia 46627 Puerto Villarroel
0%
Colombia 31509 Puerto Wilches
0%
Chile 1646 Puerto Williams
0%
Russia 40127 Pugachev
0%
Philippines 19337 Pugo
0%
Spain 9367 Puig
0%
India 37047 Pujali
0%
Sierra Leone 20121 Pujehun
0%
Ecuador 16152 Pujilí
0%
Albania 3607 Pukë
0%
New Zealand 2018 Pukekohe East
0%
India 19908 Pukhrāyān
0%
India 8760 Pukkulam
0%
India 12105 Pulakurti
0%
United States 8937 Pulaski
0%
Poland 45267 Puławy
0%
Afghanistan 22914 Pul-e ‘Alam
0%
Afghanistan 113500 Pul-e Khumrī
0%
India 33925 Pulgaon
0%
Taiwan 77299 Puli
0%
India 20260 Pulicat
0%
India 10563 Pūliguntā
0%
Philippines 108836 Pulilan
0%
India 8978 Pulimākkal
0%
India 22808 Pulimāthu
0%
India 16854 Pulimel
0%
India 10672 Pulingōm
0%
India 8698 Pulivalam
0%
India 65706 Pulivendla
0%
India 11878 Puliyampatti
0%
India 66000 Puliyankudi
0%
India 16795 Puliyankunnu
0%
India 11043 Puliyara
0%
India 15168 Puliyūr
0%
Germany 8989 Pullach im Isartal
0%
India 8861 Pullalacheruvu
0%
India 9985 Pullambādi
0%
India 22452 Pullanpallikonam
0%
India 8742 Pullānvidudi
0%
India 22640 Pullappalli
0%
United States 31939 Pullman
0%
India 9678 Pullūru
0%
Switzerland 18313 Pully
0%
Spain 11906 Pulpí
0%
India 35093 Pulppatta
0%
Italy 11141 Pulsano
0%
Poland 19327 Pułtusk
0%
Philippines 30117 Pulupandan
0%
India 14157 Pulūr
0%
India 15792 Pūluvappatti
0%
India 9373 Pūmalakkundu
0%
Bhutan 6262 Punakha
0%
Dominican Republic 46516 Puñal
0%
India 46702 Punalūr
0%
India 36541 Punārakh
0%
Bolivia 14742 Punata
0%
Venezuela 27954 Punceres
0%
India 54746 Punganūru
0%
Korea, North 3839 P’ungsan
0%
India 11179 Pūngulam
0%
China 1998619 Puning
0%
Chile 10956 Punitaqui
0%
India 10768 Punjai Kālāmangalam
0%
India 8896 Punjai Lakkāpuram
0%
India 19578 Punjai Puliyampatti
0%
India 10971 Punjai Turaiyāmpālaiyam
0%
India 9267 Punnaikkāyal
0%
India 8717 Punnappatti
0%
India 9703 Punnavalli
0%
India 17547 Punnayūr
0%
India 12104 Punnila
0%
Peru 128637 Puno
0%
Argentina 58315 Punta Alta
0%
Chile 123403 Punta Arenas
0%
Uruguay 12423 Punta del Este
0%
United States 19886 Punta Gorda
0%
Belize 5026 Punta Gorda
0%
Argentina 9362 Punta Indio
0%
Mexico 112 Punta Prieta
0%
Costa Rica 41528 Puntarenas
0%
Spain 16137 Punta Umbría
0%
Venezuela 131784 Punto Fijo
0%
Philippines 20930 Punturin
0%
Colombia 16431 Pupiales
0%
India 17632 Pupri
0%
China 900000 Puqi
0%
China 75006 Puqiancun
0%
China 34027 Puqiancun
0%
Peru 17890 Puquio
0%
India 14381 Puraini
0%
India 8793 Puraini
0%
India 31967 Purāini
0%
India 10655 Puranāttukara
0%
India 8537 Puran Bigha
0%
India 19042 Pūranpur
0%
India 31915 Purattūr
0%
United States 8974 Purcellville
0%
Chile 12868 Purén
0%
Mexico 15255 Puréparo de Echaíz
0%
Colombia 29539 Purificación
0%
Mexico 68795 Purísima de Bustos
0%
Colombia 14705 Purísima de la Concepción
0%
Austria 9701 Purkersdorf
0%
India 36433 Pūrna
0%
India 496830 Purnea
0%
Costa Rica 27464 Purral
0%
Chile 20949 Purranque
0%
Cambodia 58255 Pursat
0%
Indonesia 21781 Puruk Cahu
0%
Guatemala 65340 Purulhá
0%
India 121067 Puruliya
0%
India 18808 Purushottampur
0%
India 24467 Purwā
0%
Indonesia 179233 Purwakarta
0%
India 110983 Purwa Utar
0%
Indonesia 233865 Purwokerto
0%
China 31033 Pushangcun
0%
Russia 19342 Pushchino
0%
Tajikistan 13293 Pushing
0%
India 21626 Pushkar
0%
Russia 111580 Pushkino
0%
India 9831 Pushpattūr
0%
Hungary 13121 Püspökladány
0%
Ukraine 9372 Pustomyty
0%
Poland 9470 Puszczykowo
0%
Chile 15361 Putaendo
0%
Burma 10000 Putao
0%
India 15088 Putaparti
0%
Philippines 99725 Putatan
0%
France 44198 Puteaux
0%
India 55149 Puthiyangādi
0%
India 29635 Puthupalli
0%
India 51185 Puthuppariyāram
0%
China 2900000 Putian
0%
Italy 25935 Putignano
0%
Peru 8118 Putina
0%
Mexico 32640 Putla Villa de Guerrero
0%
Russia 298 Put’ Lenina
0%
United States 11756 Putnam Valley
0%
Malaysia 67964 Putrajaya
0%
India 9065 Pūttai
0%
Sri Lanka 45661 Puttalam
0%
India 15622 Puttalam
0%
India 12637 Puttānattam
0%
India 28315 Puttankulam
0%
Belgium 17584 Putte
0%
Netherlands 24365 Putten
0%
India 21823 Puttige
0%
India 9946 Puttige
0%
Germany 18243 Püttlingen
0%
India 53061 Puttūr
0%
India 53061 Puttūr
0%
India 19786 Puttūr
0%
Turkey 12492 Pütürge
0%
Indonesia 12459 Putussibau
0%
Ukraine 14886 Putyvl
0%
Belgium 17452 Puurs
0%
India 28322 Puvali
0%
India 10234 Pūvalūr
0%
China 789300 Puxi
0%
Brazil 14277 Puxinanã
0%
United States 42642 Puyallup
0%
China 3598740 Puyang
0%
China 666322 Puyang Chengguanzhen
0%
India 23924 Puyappalli
0%
Chile 11368 Puyehue
0%
Ecuador 33325 Puyo
0%
Spain 21298 Puzol
0%
Congo (Kinshasa) 24767 Pweto
0%
India 8680 Pyālakurti
0%
India 15200 Pyāpali
0%
Burma 76741 Pyapon
0%
Russia 143428 Pyatigorsk
0%
Burma 134861 Pyay
0%
Korea, South 457873 Pyeongtaek
0%
Belarus 10401 Pyetrykaw
0%
Burma 100001 Pyinmana
0%
Greece 36843 Pylaía
0%
Korea, South 9940 P’yŏngch’ang
0%
Korea, North 236609 P’yŏngsŏng-si
0%
Greece 45365 Pýrgos
0%
Ukraine 14988 Pyryatyn
0%
Poland 12041 Pyrzyce
0%
Poland 17394 Pyskowice
0%
Russia 40180 Pyt’-Yakh
0%
Burma 44642 Pyu
0%
No matching quizzes found
Score Distribution
Percent of People with Each Score
Percentile by Number Answered
Your Score History
You have not taken this quiz